{"text_format":"3","workbook":"xlsx","n_sheets":3,"sheets":["Chart1","Sheet1","Detailed Copper Estimate"],"not_rendered":{"charts":2,"images":1,"defined_names":2},"unopened":[{"sheet":"Chart1","index":0,"reason":"not_a_worksheet"}],"read":"whole","date_system":"1900"}

{"sheet":"Sheet1","index":1,"n_rows":0,"n_cols":0,"rows_kept":0,"hidden":true}

{"sheet":"Detailed Copper Estimate","index":2,"n_rows":468,"n_cols":12,"rows_kept":468,"merged":[[0,9,0,11],[1,6,2,6],[1,9,2,11],[3,9,3,11],[4,9,4,10],[6,0,6,1],[13,0,13,1],[14,0,14,1],[20,0,20,1],[21,0,21,1],[27,0,27,1],[28,0,28,1],[32,0,32,1],[33,0,33,1],[37,0,37,1],[38,0,38,1],[41,0,41,1],[44,0,44,1],[47,0,47,1],[50,0,50,1],[60,0,60,1],[61,0,61,1],[62,0,62,1],[71,0,71,1],[72,0,72,1],[81,0,81,1],[82,0,82,1],[88,0,88,1],[89,0,89,1],[95,0,95,1],[96,0,96,1],[104,0,104,1],[108,0,108,1],[114,0,114,1],[117,0,117,1],[118,0,118,1],[122,0,122,1],[123,0,123,1],[126,0,126,1],[127,0,127,1],[131,0,131,1],[132,0,132,1],[136,0,136,1],[137,0,137,1],[141,0,141,1],[144,0,144,1],[145,0,145,1],[150,0,150,1],[151,0,151,1],[156,0,156,1],[161,0,161,1],[169,0,169,1],[172,0,172,1],[173,0,173,1],[179,0,179,1],[180,0,180,1],[185,0,185,1],[190,0,190,1],[197,0,197,1],[198,0,198,1],[203,0,203,1],[204,0,204,1],[209,0,209,1],[213,0,213,1],[216,0,216,1],[222,0,222,1],[223,0,223,1],[226,0,226,1],[227,0,227,1],[230,0,230,1],[233,0,233,1],[239,0,239,1],[242,0,242,1],[245,0,245,1],[249,0,249,1],[252,0,252,1],[256,0,256,1],[259,0,259,1],[262,0,262,1],[265,0,265,1],[268,0,268,1],[271,0,271,1],[274,0,274,1],[277,0,277,1],[280,0,280,1],[283,0,283,1],[287,0,287,1],[292,0,292,1],[297,0,297,1],[300,0,300,1],[301,0,301,1],[308,0,308,1],[311,0,311,1],[314,0,314,1],[317,0,317,1],[320,0,320,1],[324,0,324,1],[330,0,330,1],[335,0,335,1],[338,0,338,1],[342,0,342,1],[345,0,345,1],[348,0,348,1],[351,0,351,1],[354,0,354,1],[357,0,357,1],[360,0,360,1],[363,0,363,1],[367,0,367,1],[370,0,370,1],[373,0,373,1],[376,0,376,1],[379,0,379,1],[384,0,384,1],[388,0,388,1],[392,0,392,1],[395,0,395,1],[399,0,399,1],[404,0,404,1],[425,0,425,1],[429,0,429,1],[441,0,441,9],[441,10,441,11],[442,0,442,9],[442,10,442,11],[443,0,443,9],[443,10,443,11],[444,0,444,8],[444,10,444,11],[445,0,445,9],[445,10,445,11],[446,0,446,11],[447,1,447,11],[448,1,448,11],[449,1,449,11],[450,1,450,11],[451,2,451,11],[452,1,452,11],[453,1,453,11],[454,2,454,11],[455,2,455,11],[456,2,456,11],[457,2,457,11],[458,2,458,11],[459,2,459,11],[460,2,460,11],[461,2,461,11],[463,1,463,11],[464,1,464,11],[465,2,465,11],[466,1,466,11],[467,1,467,11]]}
["Nexa Estimating, LLC",{"$nulls":5},"PROJECT :"]
[{"$nulls":6},"ADDRESS : "]
["5900 Balcones Drive # 14421 St 100 Austin, TX, 78731"]
[{"$nulls":6},"DATE :"]
[null,null,"REV:",0,{"$nulls":5},"MANHOUR UNIT RATE",null,{"v":75,"d":"$75"}]
["SR.\nNO.","DESCRIPTION","QUANTITY","WASTAGE","QTY WITH\nWASTAGE","UNIT","UNIT \nCOST","MATERIAL \nCOST","MANHOURS\nUNIT RATE","MANHOURS","MANHOURS COST","TOTAL TRADE\nCOST"]
["DEMOLITION WORK"]
[1,"Demolish Existing (3) Domestic Water Heaters, Recirculation Pumps, And All Associated Domestic Water And Gas Piping. Cut And Cap At Crawlspace Below. Prep Piping for Connections to New Domestic Hot Water Equipment",1,{"v":0,"d":"0%"},{"$f":"C8*(1+D8)","v":1},"EA",null,{"$f":"G8*E8","v":0},{"$f":"L$5","v":{"v":75,"d":"$75"}},36,{"$f":"J8*I8","v":{"v":2700,"d":"$2,700"}},{"$f":"K8+H8","v":{"v":2700,"d":"$2,700"}}]
[2,"Demolish Existing Plumbing Fixtures (Clothes Washers, Dryers, Drinking Fountain, Hand Sink, Etc.) In Laundry and Storage Rooms Completely. Cut and Cap All Associated Sanitary, Vent, Domestic Water, and Gas Piping At Crawlspace Below.",1,{"v":0,"d":"0%"},1,"EA",null,{"$f":"G9*E9","v":0},{"$f":"L$5","v":{"v":75,"d":"$75"}},24,{"$f":"J9*I9","v":{"v":1800,"d":"$1,800"}},{"$f":"K9+H9","v":{"v":1800,"d":"$1,800"}}]
[3,"Water Closet Demolation",60,{"v":0,"d":"0%"},60,"EA",null,{"$f":"G10*E10","v":0},{"$f":"L$5","v":{"v":75,"d":"$75"}},135,{"$f":"J10*I10","v":{"v":10125,"d":"$10,125"}},{"$f":"K10+H10","v":{"v":10125,"d":"$10,125"}}]
[4,"Lavatory Demolation",60,{"v":0,"d":"0%"},60,"EA",null,{"$f":"G11*E11","v":0},{"$f":"L$5","v":{"v":75,"d":"$75"}},135,{"$f":"J11*I11","v":{"v":10125,"d":"$10,125"}},{"$f":"K11+H11","v":{"v":10125,"d":"$10,125"}}]
[5,"Bath Tub Demolation",60,{"v":0,"d":"0%"},60,"EA",null,0,{"v":75,"d":"$75"},135,{"v":10125,"d":"$10,125"},{"v":10125,"d":"$10,125"}]
[]
["COLD WATER PIPE DEMOLITION W/ FITTINGS"]
["Type \"L\" Hard Copper Tube"]
[1,"3\" Dia Cold Water Pipe",225,{"v":0,"d":"0%"},{"$f":"C16*(1+D16)","v":225},"LFT",null,{"$f":"G16*E16","v":0},{"$f":"L$5","v":{"v":75,"d":"$75"}},{"v":22.5,"d":"23"},{"$f":"J16*I16","v":{"v":1687.5,"d":"$1,688"}},{"$f":"K16+H16","v":{"v":1687.5,"d":"$1,688"}}]
[2,"3/4\" Dia Cold Water Pipe",1825,{"v":0,"d":"0%"},1825,"LFT",null,0,{"v":75,"d":"$75"},{"v":36.5,"d":"37"},{"v":2737.5,"d":"$2,738"},{"v":2737.5,"d":"$2,738"}]
[3,"1\" Dia Cold Water Pipe",805,{"v":0,"d":"0%"},805,"LFT",null,0,{"v":75,"d":"$75"},{"v":24.15,"d":"24"},{"v":1811.25,"d":"$1,811"},{"v":1811.25,"d":"$1,811"}]
[4,"1/2\" Dia Cold Water Pipe",443,{"v":0,"d":"0%"},443,"LFT",null,{"$f":"G19*E19","v":0},{"$f":"L$5","v":{"v":75,"d":"$75"}},{"v":8.86,"d":"9"},{"$f":"J19*I19","v":{"v":664.5,"d":"$665"}},{"$f":"K19+H19","v":{"v":664.5,"d":"$665"}}]
[]
["HOT WATER PIPE DEMOLITION W/ FITTINGS"]
["Type \"L\" Hard Copper Tube"]
[1,"3\" Dia Hot Water Pipe",100,{"v":0,"d":"0%"},{"$f":"C23*(1+D23)","v":100},"LFT",null,{"$f":"G23*E23","v":0},{"$f":"L$5","v":{"v":75,"d":"$75"}},10,{"$f":"J23*I23","v":{"v":750,"d":"$750"}},{"$f":"K23+H23","v":{"v":750,"d":"$750"}}]
[2,"3/4\" Dia Cold Water Pipe",1392,{"v":0,"d":"0%"},1392,"LFT",null,0,{"v":75,"d":"$75"},{"v":27.84,"d":"28"},{"v":2088,"d":"$2,088"},{"v":2088,"d":"$2,088"}]
[3,"1\" Dia Cold Water Pipe",805,{"v":0,"d":"0%"},805,"LFT",null,0,{"v":75,"d":"$75"},{"v":24.15,"d":"24"},{"v":1811.25,"d":"$1,811"},{"v":1811.25,"d":"$1,811"}]
[4,"1/2\" Dia Cold Water Pipe",435,{"v":0,"d":"0%"},435,"LFT",null,0,{"v":75,"d":"$75"},{"v":8.700000000000001,"d":"9"},{"v":652.5000000000001,"d":"$653"},{"v":652.5000000000001,"d":"$653"}]
[]
["SANITARY PIPE DEMOLITION W/ FITTINGS"]
["PVC Sch-40"]
[1,"2\" Dia. Sanitary Pipe",770,{"v":0,"d":"0%"},{"$f":"C30*(1+D30)","v":770},"LFT",null,{"$f":"G30*E30","v":0},{"$f":"L$5","v":{"v":75,"d":"$75"}},{"v":23.099999999999998,"d":"23"},{"$f":"J30*I30","v":{"v":1732.4999999999998,"d":"$1,733"}},{"$f":"K30+H30","v":{"v":1732.4999999999998,"d":"$1,733"}}]
[2,"4\" Dia. Sanitary Pipe",858,{"v":0,"d":"0%"},858,"LFT",null,{"$f":"G31*E31","v":0},{"$f":"L$5","v":{"v":75,"d":"$75"}},{"v":42.900000000000006,"d":"43"},{"$f":"J31*I31","v":{"v":3217.5000000000005,"d":"$3,218"}},{"$f":"K31+H31","v":{"v":3217.5000000000005,"d":"$3,218"}}]
[]
["VENT PIPE DEMOLITION W/ FITTINGS"]
["PVC Sch-40"]
[1,"2\" Dia. Vent Pipe",2396,{"v":0,"d":"0%"},{"$f":"C35*(1+D35)","v":2396},"LFT",null,{"$f":"G35*E35","v":0},{"$f":"L$5","v":{"v":75,"d":"$75"}},{"v":71.88,"d":"72"},{"$f":"J35*I35","v":{"v":5391,"d":"$5,391"}},{"$f":"K35+H35","v":{"v":5391,"d":"$5,391"}}]
[2,"3\" Dia. Vent Pipe",722,{"v":0,"d":"0%"},722,"LFT",null,{"$f":"G36*E36","v":0},{"$f":"L$5","v":{"v":75,"d":"$75"}},{"v":28.88,"d":"29"},{"$f":"J36*I36","v":{"v":2166,"d":"$2,166"}},{"$f":"K36+H36","v":{"v":2166,"d":"$2,166"}}]
[]
["COLD & HOT WATER PIPE FITTINGS"]
["ELBOWS 90 DEGREE"]
[1,"3\" Dia Elbow",3,{"v":0,"d":"0%"},{"$f":"C40*(1+D40)","v":3},"EA",null,{"$f":"G40*E40","v":0},{"$f":"L$5","v":{"v":75,"d":"$75"}},{"v":2.7,"d":"3"},{"$f":"J40*I40","v":{"v":202.5,"d":"$203"}},{"$f":"K40+H40","v":{"v":202.5,"d":"$203"}}]
[]
["ELBOWS 45 DEGREE"]
[1,"3\" Dia Elbow",2,{"v":0,"d":"0%"},{"$f":"C43*(1+D43)","v":2},"EA",null,{"$f":"G43*E43","v":0},{"$f":"L$5","v":{"v":75,"d":"$75"}},{"v":1.8,"d":"2"},{"$f":"J43*I43","v":{"v":135,"d":"$135"}},{"$f":"K43+H43","v":{"v":135,"d":"$135"}}]
[]
["TEE"]
[1,"3\" Dia Tee",1,{"v":0,"d":"0%"},{"$f":"C46*(1+D46)","v":1},"EA",null,{"$f":"G46*E46","v":0},{"$f":"L$5","v":{"v":75,"d":"$75"}},{"v":0.9,"d":"1"},{"$f":"J46*I46","v":{"v":67.5,"d":"$68"}},{"$f":"K46+H46","v":{"v":67.5,"d":"$68"}}]
[]
["PIPE CAP"]
[1,"3\" Dia Cap",1,{"v":0,"d":"0%"},{"$f":"C49*(1+D49)","v":1},"EA",null,{"$f":"G49*E49","v":0},{"$f":"L$5","v":{"v":75,"d":"$75"}},{"v":0.5,"d":"1"},{"$f":"J49*I49","v":{"v":37.5,"d":"$38"}},{"$f":"K49+H49","v":{"v":37.5,"d":"$38"}}]
[]
["PIPE SUPPORT"]
[1,"3\" Dia Pipe Hanger",33,{"v":0,"d":"0%"},{"$f":"C52*(1+D52)","v":33},"EA",null,{"$f":"G52*E52","v":0},{"$f":"L$5","v":{"v":75,"d":"$75"}},{"v":4.95,"d":"5"},{"$f":"J52*I52","v":{"v":371.25,"d":"$371"}},{"$f":"K52+H52","v":{"v":371.25,"d":"$371"}}]
[2,"3/4\" Dia Pipe Hanger",321,{"v":0,"d":"0%"},321,"EA",null,0,{"v":75,"d":"$75"},{"v":32.1,"d":"32"},{"v":2407.5,"d":"$2,408"},{"v":2407.5,"d":"$2,408"}]
[3,"1\" Dia Pipe Hanger",161,{"v":0,"d":"0%"},161,"EA",null,0,{"v":75,"d":"$75"},{"v":16.1,"d":"16"},{"v":1207.5,"d":"$1,208"},{"v":1207.5,"d":"$1,208"}]
[4,"1/2\" Dia Pipe Hanger",87,{"v":0,"d":"0%"},87,"EA",null,0,{"v":75,"d":"$75"},{"v":8.700000000000001,"d":"9"},{"v":652.5000000000001,"d":"$653"},{"v":652.5000000000001,"d":"$653"}]
[5,"2\" Dia Pipe Hanger",316,{"v":0,"d":"0%"},316,"EA",null,{"$f":"G56*E56","v":0},{"$f":"L$5","v":{"v":75,"d":"$75"}},{"v":31.6,"d":"32"},{"$f":"J56*I56","v":{"v":2370,"d":"$2,370"}},{"$f":"K56+H56","v":{"v":2370,"d":"$2,370"}}]
[6,"3\" Dia Pipe Hanger",72,{"v":0,"d":"0%"},72,"EA",null,{"$f":"G57*E57","v":0},{"$f":"L$5","v":{"v":75,"d":"$75"}},{"v":10.799999999999999,"d":"11"},{"$f":"J57*I57","v":{"v":809.9999999999999,"d":"$810"}},{"$f":"K57+H57","v":{"v":809.9999999999999,"d":"$810"}}]
[7,"4\" Dia Pipe Hanger",86,{"v":0,"d":"0%"},86,"EA",null,0,{"v":75,"d":"$75"},{"v":12.9,"d":"13"},{"v":967.5,"d":"$968"},{"v":967.5,"d":"$968"}]
[8,"1/2\" Dia Full Threaded Rod",1076,{"v":0,"d":"0%"},1076,"EA",null,{"$f":"G59*E59","v":0},{"$f":"L$5","v":{"v":75,"d":"$75"}},{"v":107.60000000000001,"d":"108"},{"$f":"J59*I59","v":{"v":8070.000000000001,"d":"$8,070"}},{"$f":"K59+H59","v":{"v":8070.000000000001,"d":"$8,070"}}]
[]
["NEW WORK"]
["COLD WATER PIPES"]
["Type \"L\" Hard Copper Tube"]
[1,"1\" Dia Cold Water Pipe",2903,{"v":0.1,"d":"10%"},{"$f":"C64*(1+D64)","v":{"v":3193.3,"d":"3193"}},"LFT",{"v":6.07,"d":"$6.07"},{"$f":"G64*E64","v":{"v":19383.331000000002,"d":"$19,383"}},{"$f":"L$5","v":{"v":75,"d":"$75"}},{"v":159.66500000000002,"d":"160"},{"$f":"J64*I64","v":{"v":11974.875000000002,"d":"$11,975"}},{"$f":"K64+H64","v":{"v":31358.206000000006,"d":"$31,358"}}]
[2,"1/2\" Dia Cold Water Pipe",1163,{"v":0.1,"d":"10%"},{"$f":"C65*(1+D65)","v":{"v":1279.3000000000002,"d":"1279"}},"LFT",{"v":2.61,"d":"$2.61"},{"$f":"G65*E65","v":{"v":3338.9730000000004,"d":"$3,339"}},{"$f":"L$5","v":{"v":75,"d":"$75"}},{"v":51.17200000000001,"d":"51"},{"$f":"J65*I65","v":{"v":3837.900000000001,"d":"$3,838"}},{"$f":"K65+H65","v":{"v":7176.873000000001,"d":"$7,177"}}]
[3,"3/4\" Dia Cold Water Pipe",3085,{"v":0.1,"d":"10%"},{"v":3393.5000000000005,"d":"3394"},"LFT",{"v":4.21,"d":"$4.21"},{"v":14286.635000000002,"d":"$14,287"},{"v":75,"d":"$75"},{"v":135.74,"d":"136"},{"v":10180.5,"d":"$10,181"},{"v":24467.135000000002,"d":"$24,467"}]
[4,"1 1/2\" Dia Cold Water Pipe",14,{"v":0.1,"d":"10%"},{"v":15.400000000000002,"d":"15"},"LFT",{"v":11.4,"d":"$11.40"},{"$f":"G67*E67","v":{"v":175.56000000000003,"d":"$176"}},{"$f":"L$5","v":{"v":75,"d":"$75"}},{"v":0.924,"d":"1"},{"$f":"J67*I67","v":{"v":69.3,"d":"$69"}},{"$f":"K67+H67","v":{"v":244.86,"d":"$245"}}]
[5,"3\" Dia Cold Water Pipe",185,{"v":0.1,"d":"10%"},{"v":203.50000000000003,"d":"204"},"LFT",{"v":36.42,"d":"$36.42"},{"v":7411.470000000001,"d":"$7,411"},{"v":75,"d":"$75"},{"v":30.525000000000002,"d":"31"},{"v":2289.375,"d":"$2,289"},{"v":9700.845000000001,"d":"$9,701"}]
[6,"4\" Dia Cold Water Pipe",36,{"v":0.1,"d":"10%"},{"v":39.6,"d":"40"},"LFT",{"v":61.93,"d":"$61.93"},{"$f":"G69*E69","v":{"v":2452.428,"d":"$2,452"}},{"$f":"L$5","v":{"v":75,"d":"$75"}},{"v":6.732000000000001,"d":"7"},{"$f":"J69*I69","v":{"v":504.9000000000001,"d":"$505"}},{"$f":"K69+H69","v":{"v":2957.328,"d":"$2,957"}}]
[7,"6\" Dia Cold Water Pipe",36,{"v":0.1,"d":"10%"},{"v":39.6,"d":"40"},"LFT",{"v":146.2,"d":"$146.20"},{"$f":"G70*E70","v":{"v":5789.5199999999995,"d":"$5,790"}},{"$f":"L$5","v":{"v":75,"d":"$75"}},{"v":10.296000000000001,"d":"10"},{"$f":"J70*I70","v":{"v":772.2,"d":"$772"}},{"$f":"K70+H70","v":{"v":6561.719999999999,"d":"$6,562"}}]
[]
["COLD WATER PIPE INSULATION"]
["1\" Thickness, Johns Manville Micro-Lok HP Fiber Glass Pipe Insulation With Factory Applied All Services Vapor-Retarder Jacket With Self-Sealing\nClosure Lap Complying With ASTM C547, ASTM C585,"]
[1,"1\" Dia Cold Water Pipe Insulation",2903,{"v":0.1,"d":"10%"},{"$f":"C74*(1+D74)","v":{"v":3193.3,"d":"3193"}},"LFT",{"v":2.02,"d":"$2.02"},{"$f":"G74*E74","v":{"v":6450.466,"d":"$6,450"}},{"$f":"L$5","v":{"v":75,"d":"$75"}},{"v":127.73200000000001,"d":"128"},{"$f":"J74*I74","v":{"v":9579.900000000001,"d":"$9,580"}},{"$f":"K74+H74","v":{"v":16030.366000000002,"d":"$16,030"}}]
[2,"1/2\" Dia Cold Water Pipe Insulation",1163,{"v":0.1,"d":"10%"},{"v":1279.3000000000002,"d":"1279"},"LFT",{"v":1.45,"d":"$1.45"},{"v":1854.9850000000001,"d":"$1,855"},{"v":75,"d":"$75"},{"v":51.17200000000001,"d":"51"},{"v":3837.900000000001,"d":"$3,838"},{"v":5692.885000000001,"d":"$5,693"}]
[3,"3/4\" Dia Cold Water Pipe Insulation",3085,{"v":0.1,"d":"10%"},{"v":3393.5000000000005,"d":"3394"},"LFT",{"v":1.885,"d":"$1.89"},{"v":6396.747500000001,"d":"$6,397"},{"v":75,"d":"$75"},{"v":135.74,"d":"136"},{"v":10180.5,"d":"$10,181"},{"v":16577.2475,"d":"$16,577"}]
[4,"1 1/2\" Dia Cold Water Pipe",14,{"v":0.1,"d":"10%"},{"v":15.400000000000002,"d":"15"},"LFT",{"v":2.32,"d":"$2.32"},{"$f":"G77*E77","v":{"v":35.728,"d":"$36"}},{"$f":"L$5","v":{"v":75,"d":"$75"}},{"v":0.6160000000000001,"d":"1"},{"$f":"J77*I77","v":{"v":46.20000000000001,"d":"$46"}},{"$f":"K77+H77","v":{"v":81.92800000000001,"d":"$82"}}]
[5,"3\" Dia Cold Water Pipe",185,{"v":0.1,"d":"10%"},{"v":203.50000000000003,"d":"204"},"LFT",{"v":2.78,"d":"$2.78"},{"v":565.73,"d":"$566"},{"v":75,"d":"$75"},{"v":10.175000000000002,"d":"10"},{"v":763.1250000000002,"d":"$763"},{"v":1328.8550000000002,"d":"$1,329"}]
[6,"4\" Dia Cold Water Pipe Insulation",36,{"v":0.1,"d":"10%"},{"v":39.6,"d":"40"},"LFT",{"v":3.45,"d":"$3.45"},{"$f":"G79*E79","v":{"v":136.62,"d":"$137"}},{"$f":"L$5","v":{"v":75,"d":"$75"}},{"v":2.376,"d":"2"},{"$f":"J79*I79","v":{"v":178.2,"d":"$178"}},{"$f":"K79+H79","v":{"v":314.82,"d":"$315"}}]
[7,"6\" Dia Cold Water Pipe Insulation",36,{"v":0.1,"d":"10%"},{"v":39.6,"d":"40"},"LFT",{"v":4.78,"d":"$4.78"},{"$f":"G80*E80","v":{"v":189.288,"d":"$189"}},{"$f":"L$5","v":{"v":75,"d":"$75"}},{"v":2.7720000000000002,"d":"3"},{"$f":"J80*I80","v":{"v":207.9,"d":"$208"}},{"$f":"K80+H80","v":{"v":397.188,"d":"$397"}}]
[]
["HOT WATER PIPES"]
["Type \"L\" Hard Copper Tube"]
[1,"1\" Dia Hot Water Pipe",2840,{"v":0.1,"d":"10%"},{"$f":"C84*(1+D84)","v":{"v":3124.0000000000005,"d":"3124"}},"LFT",{"v":6.07,"d":"$6.07"},{"$f":"G84*E84","v":{"v":18962.680000000004,"d":"$18,963"}},{"$f":"L$5","v":{"v":75,"d":"$75"}},{"v":156.20000000000005,"d":"156"},{"$f":"J84*I84","v":{"v":11715.000000000004,"d":"$11,715"}},{"$f":"K84+H84","v":{"v":30677.680000000008,"d":"$30,678"}}]
[2,"1/2\" Dia Hot Water Pipe",1156,{"v":0.1,"d":"10%"},{"$f":"C85*(1+D85)","v":{"v":1271.6000000000001,"d":"1272"}},"LFT",{"v":2.61,"d":"$2.61"},{"v":3318.876,"d":"$3,319"},{"v":75,"d":"$75"},{"v":50.864000000000004,"d":"51"},{"v":3814.8,"d":"$3,815"},{"v":7133.676,"d":"$7,134"}]
[3,"3/4\" Dia Hot Water Pipe",2658,{"v":0.1,"d":"10%"},{"v":2923.8,"d":"2924"},"LFT",{"v":4.21,"d":"$4.21"},{"v":12309.198,"d":"$12,309"},{"v":75,"d":"$75"},{"v":116.95200000000001,"d":"117"},{"v":8771.400000000001,"d":"$8,771"},{"v":21080.598,"d":"$21,081"}]
[4,"3\" Dia Hot Water Pipe",184,{"v":0.1,"d":"10%"},{"$f":"C87*(1+D87)","v":{"v":202.4,"d":"202"}},"LFT",{"v":36.42,"d":"$36.42"},{"v":7371.408,"d":"$7,371"},{"v":75,"d":"$75"},{"v":30.36,"d":"30"},{"v":2277,"d":"$2,277"},{"v":9648.408,"d":"$9,648"}]
[]
["HOT WATER PIPES INSULATION"]
["1\" Thickness, Johns Manville Micro-Lok HP Fiber Glass Pipe Insulation With Factory Applied All Services Vapor-Retarder Jacket With Self-Sealing\nClosure Lap Complying With ASTM C547, ASTM C585,"]
[1,"1\" Dia Hot Water Pipe Insulation",2840,{"v":0.1,"d":"10%"},{"$f":"C91*(1+D91)","v":{"v":3124.0000000000005,"d":"3124"}},"LFT",{"v":2.02,"d":"$2.02"},{"$f":"G91*E91","v":{"v":6310.480000000001,"d":"$6,310"}},{"$f":"L$5","v":{"v":75,"d":"$75"}},{"v":124.96000000000002,"d":"125"},{"$f":"J91*I91","v":{"v":9372.000000000002,"d":"$9,372"}},{"$f":"K91+H91","v":{"v":15682.480000000003,"d":"$15,682"}}]
[2,"1/2\" Dia Hot Water Pipe Insulation",1156,{"v":0.1,"d":"10%"},{"v":1271.6000000000001,"d":"1272"},"LFT",{"v":1.45,"d":"$1.45"},{"v":1843.8200000000002,"d":"$1,844"},{"v":75,"d":"$75"},{"v":50.864000000000004,"d":"51"},{"v":3814.8,"d":"$3,815"},{"v":5658.620000000001,"d":"$5,659"}]
[3,"3/4\" Dia Hot Water Pipe Insulation",2658,{"v":0.1,"d":"10%"},{"v":2923.8,"d":"2924"},"LFT",{"v":1.885,"d":"$1.89"},{"v":5511.363,"d":"$5,511"},{"v":75,"d":"$75"},{"v":116.95200000000001,"d":"117"},{"v":8771.400000000001,"d":"$8,771"},{"v":14282.763000000003,"d":"$14,283"}]
[4,"3\" Dia Hot Water Pipe Insulation",184,{"v":0.1,"d":"10%"},{"$f":"C94*(1+D94)","v":{"v":202.4,"d":"202"}},"LFT",{"v":2.78,"d":"$2.78"},{"$f":"G94*E94","v":{"v":562.672,"d":"$563"}},{"$f":"L$5","v":{"v":75,"d":"$75"}},{"v":10.120000000000001,"d":"10"},{"$f":"J94*I94","v":{"v":759.0000000000001,"d":"$759"}},{"$f":"K94+H94","v":{"v":1321.672,"d":"$1,322"}}]
[]
["COLD & HOT WATER PIPE FITTINGS"]
["ELBOWS 90 DEGREE"]
[1,"1\" Dia Elbow",441,{"v":0,"d":"0%"},{"$f":"C98*(1+D98)","v":441},"EA",{"v":18.11,"d":"$18.11"},{"$f":"G98*E98","v":{"v":7986.509999999999,"d":"$7,987"}},{"$f":"L$5","v":{"v":75,"d":"$75"}},{"v":220.5,"d":"221"},{"$f":"J98*I98","v":{"v":16537.5,"d":"$16,538"}},{"$f":"K98+H98","v":{"v":24524.01,"d":"$24,524"}}]
[2,"1/2\" Dia Elbow",560,{"v":0,"d":"0%"},{"$f":"C99*(1+D99)","v":560},"EA",{"v":3.35,"d":"$3.35"},{"$f":"G99*E99","v":{"v":1876,"d":"$1,876"}},{"$f":"L$5","v":{"v":75,"d":"$75"}},224,{"$f":"J99*I99","v":{"v":16800,"d":"$16,800"}},{"$f":"K99+H99","v":{"v":18676,"d":"$18,676"}}]
[3,"3/4\" Dia Elbow",1467,{"v":0,"d":"0%"},1467,"EA",{"v":7.38,"d":"$7.38"},{"v":10826.46,"d":"$10,826"},{"v":75,"d":"$75"},{"v":616.14,"d":"616"},{"v":46210.5,"d":"$46,211"},{"v":57036.96,"d":"$57,037"}]
[4,"3\" Dia Elbow",10,{"v":0,"d":"0%"},{"$f":"C101*(1+D101)","v":10},"EA",{"v":197.39,"d":"$197.39"},{"$f":"G101*E101","v":{"v":1973.8999999999999,"d":"$1,974"}},{"$f":"L$5","v":{"v":75,"d":"$75"}},15,{"$f":"J101*I101","v":{"v":1125,"d":"$1,125"}},{"$f":"K101+H101","v":{"v":3098.8999999999996,"d":"$3,099"}}]
[5,"4\" Dia Elbow",2,{"v":0,"d":"0%"},2,"EA",{"v":432.77,"d":"$432.77"},{"v":865.54,"d":"$866"},{"v":75,"d":"$75"},{"v":3.4,"d":"3"},{"v":255,"d":"$255"},{"v":1120.54,"d":"$1,121"}]
[6,"6\" Dia Elbow",2,{"v":0,"d":"0%"},2,"EA",{"v":2265.35,"d":"$2,265.35"},{"v":4530.7,"d":"$4,531"},{"v":75,"d":"$75"},{"v":5.08,"d":"5"},{"v":381,"d":"$381"},{"v":4911.7,"d":"$4,912"}]
[]
["ELBOWS 45 DEGREE"]
[1,"3\" Dia Elbow",4,{"v":0,"d":"0%"},{"$f":"C106*(1+D106)","v":4},"EA",{"v":191.99,"d":"$191.99"},{"$f":"G106*E106","v":{"v":767.96,"d":"$768"}},{"$f":"L$5","v":{"v":75,"d":"$75"}},6,{"$f":"J106*I106","v":{"v":450,"d":"$450"}},{"$f":"K106+H106","v":{"v":1217.96,"d":"$1,218"}}]
[2,"1\" Dia Elbow",2,{"v":0,"d":"0%"},2,"EA",{"v":26.29,"d":"$26.29"},{"v":52.58,"d":"$53"},{"v":75,"d":"$75"},1,{"v":75,"d":"$75"},{"v":127.58,"d":"$128"}]
[]
["TEES"]
[1,"1\" x 3/4\" Dia Tee",921,{"v":0,"d":"0%"},{"$f":"C110*(1+D110)","v":921},"EA",{"v":49.42,"d":"$49.42"},{"$f":"G110*E110","v":{"v":45515.82,"d":"$45,516"}},{"$f":"L$5","v":{"v":75,"d":"$75"}},{"v":690.75,"d":"691"},{"$f":"J110*I110","v":{"v":51806.25,"d":"$51,806"}},{"$f":"K110+H110","v":{"v":97322.07,"d":"$97,322"}}]
[2,"1\" x 1/2\" Dia Tee",440,{"v":0,"d":"0%"},440,"EA",{"v":49.42,"d":"$49.42"},{"$f":"G111*E111","v":{"v":21744.8,"d":"$21,745"}},{"$f":"L$5","v":{"v":75,"d":"$75"}},330,{"$f":"J111*I111","v":{"v":24750,"d":"$24,750"}},{"$f":"K111+H111","v":{"v":46494.8,"d":"$46,495"}}]
[3,"1\" Dia Tee",166,{"v":0,"d":"0%"},166,"EA",{"v":41.52,"d":"$41.52"},{"$f":"G112*E112","v":{"v":6892.320000000001,"d":"$6,892"}},{"$f":"L$5","v":{"v":75,"d":"$75"}},{"v":124.5,"d":"125"},{"$f":"J112*I112","v":{"v":9337.5,"d":"$9,338"}},{"$f":"K112+H112","v":{"v":16229.82,"d":"$16,230"}}]
[4,"3\" x 1\" Dia Tee",13,{"v":0,"d":"0%"},13,"EA",{"v":299.09,"d":"$299.09"},{"v":3888.1699999999996,"d":"$3,888"},{"v":75,"d":"$75"},{"v":29.25,"d":"29"},{"v":2193.75,"d":"$2,194"},{"v":6081.92,"d":"$6,082"}]
[]
["REDUCER"]
[1,"1\" x 3/4\" Dia Reducer",120,{"v":0,"d":"0%"},{"$f":"C116*(1+D116)","v":120},"EA",{"v":89.05,"d":"$89.05"},{"$f":"G116*E116","v":{"v":10686,"d":"$10,686"}},{"$f":"L$5","v":{"v":75,"d":"$75"}},60,{"$f":"J116*I116","v":{"v":4500,"d":"$4,500"}},{"$f":"K116+H116","v":{"v":15186,"d":"$15,186"}}]
[]
["STORM PIPE ABOVE GROUND)"]
["PVC Sch 40"]
[1,"6\" Dia Storm Pipe",449,{"v":0.1,"d":"10%"},{"$f":"C120*(1+D120)","v":493.90000000000003},"LFT",{"v":8.52,"d":"$8.52"},{"$f":"G120*E120","v":{"v":4208.028,"d":"$4,208"}},{"$f":"L$5","v":{"v":75,"d":"$75"}},{"v":59.268,"d":"59"},{"$f":"J120*I120","v":{"v":4445.1,"d":"$4,445"}},{"$f":"K120+H120","v":{"v":8653.128,"d":"$8,653"}}]
[2,"4\" Dia Storm Pipe",532,{"v":0.1,"d":"10%"},{"$f":"C121*(1+D121)","v":585.2},"LFT",{"v":4.89,"d":"$4.89"},{"$f":"G121*E121","v":{"v":2861.628,"d":"$2,862"}},{"$f":"L$5","v":{"v":75,"d":"$75"}},{"v":40.964000000000006,"d":"41"},{"$f":"J121*I121","v":{"v":3072.3000000000006,"d":"$3,072"}},{"$f":"K121+H121","v":{"v":5933.928000000001,"d":"$5,934"}}]
[]
["STORM PIPE FITTING"]
["ELBOW 90 DEGREE"]
[1,"6\" Dia Elbow",14,{"v":0,"d":"0%"},{"$f":"C125*(1+D125)","v":14},"EA",{"v":97.97,"d":"$97.97"},{"$f":"G125*E125","v":{"v":1371.58,"d":"$1,372"}},{"$f":"L$5","v":{"v":75,"d":"$75"}},{"v":17.08,"d":"17"},{"$f":"J125*I125","v":{"v":1280.9999999999998,"d":"$1,281"}},{"$f":"K125+H125","v":{"v":2652.58,"d":"$2,653"}}]
[null,"4\" Dia Elbow",10,{"v":0,"d":"0%"},10,"EA",{"v":30.8,"d":"$30.80"},{"$f":"G126*E126","v":{"v":308,"d":"$308"}},{"$f":"L$5","v":{"v":75,"d":"$75"}},{"v":7.4,"d":"7"},{"$f":"J126*I126","v":{"v":555,"d":"$555"}},{"$f":"K126+H126","v":{"v":863,"d":"$863"}}]
["STORM PIPE (UNDER GROUND)"]
["PVC Sch 40"]
[1,"6\" Dia Storm Pipe",120,{"v":0.1,"d":"10%"},{"$f":"C129*(1+D129)","v":132},"LFT",{"v":8.52,"d":"$8.52"},{"$f":"G129*E129","v":{"v":1124.6399999999999,"d":"$1,125"}},{"$f":"L$5","v":{"v":75,"d":"$75"}},{"v":15.84,"d":"16"},{"$f":"J129*I129","v":{"v":1188,"d":"$1,188"}},{"$f":"K129+H129","v":{"v":2312.64,"d":"$2,313"}}]
[2,"4\" Dia Storm Pipe",110,{"v":0.1,"d":"10%"},121.00000000000001,"LFT",{"v":4.89,"d":"$4.89"},{"v":591.69,"d":"$592"},{"v":75,"d":"$75"},{"v":8.470000000000002,"d":"8"},{"$f":"J130*I130","v":{"v":635.2500000000002,"d":"$635"}},{"$f":"K130+H130","v":{"v":1226.9400000000003,"d":"$1,227"}}]
[]
["STORM PIPE INSULATION"]
["1\" Thickness, Johns Manville Micro-Lok HP Fiber Glass Pipe Insulation With Factory Applied All Services Vapor-Retarder Jacket With Self-Sealing\nClosure Lap Complying With ASTM C547, ASTM C585,"]
[1,"6\" Dia Storm Pipe",120,{"v":0.1,"d":"10%"},{"$f":"C134*(1+D134)","v":132},"LFT",{"v":6.78,"d":"$6.78"},{"$f":"G134*E134","v":{"v":894.96,"d":"$895"}},{"$f":"L$5","v":{"v":75,"d":"$75"}},{"v":10.56,"d":"11"},{"$f":"J134*I134","v":{"v":792,"d":"$792"}},{"$f":"K134+H134","v":{"v":1686.96,"d":"$1,687"}}]
[2,"4\" Dia Storm Pipe",110,{"v":0.1,"d":"10%"},121.00000000000001,"LFT",{"v":5.12,"d":"$5.12"},{"$f":"G135*E135","v":{"v":619.5200000000001,"d":"$620"}},{"$f":"L$5","v":{"v":75,"d":"$75"}},{"v":7.260000000000001,"d":"7"},{"$f":"J135*I135","v":{"v":544.5,"d":"$545"}},{"$f":"K135+H135","v":{"v":1164.02,"d":"$1,164"}}]
[]
["STORM PIPE FITTING"]
["ELBOW 90 DEGREE"]
[1,"6\" Dia Elbow",14,{"v":0,"d":"0%"},{"$f":"C139*(1+D139)","v":14},"EA",{"v":97.97,"d":"$97.97"},{"$f":"G139*E139","v":{"v":1371.58,"d":"$1,372"}},{"$f":"L$5","v":{"v":75,"d":"$75"}},{"v":17.08,"d":"17"},{"$f":"J139*I139","v":{"v":1280.9999999999998,"d":"$1,281"}},{"$f":"K139+H139","v":{"v":2652.58,"d":"$2,653"}}]
[2,"4\" Dia Storm",8,{"v":0,"d":"0%"},8,"EA",{"v":30.8,"d":"$30.80"},{"v":246.4,"d":"$246"},{"v":75,"d":"$75"},{"v":5.92,"d":"6"},{"v":444,"d":"$444"},{"v":690.4,"d":"$690"}]
[]
["WYE"]
[1,"6\" x 4\" Dia Wye",2,{"v":0,"d":"0%"},{"$f":"C143*(1+D143)","v":2},"EA",{"v":380.46,"d":"$380.46"},{"$f":"G143*E143","v":{"v":760.92,"d":"$761"}},{"$f":"L$5","v":{"v":75,"d":"$75"}},{"v":3.66,"d":"4"},{"$f":"J143*I143","v":{"v":274.5,"d":"$275"}},{"$f":"K143+H143","v":{"v":1035.42,"d":"$1,035"}}]
[]
["SANITARY PIPE (ABOVE GROUND)"]
["PVC Sch 40"]
[1,"4\" Dia Sanitary Pipe",2758,{"v":0.1,"d":"10%"},{"$f":"C147*(1+D147)","v":3033.8},"LFT",{"v":4.89,"d":"$4.89"},{"$f":"G147*E147","v":{"v":14835.282,"d":"$14,835"}},{"$f":"L$5","v":{"v":75,"d":"$75"}},{"v":212.36600000000004,"d":"212"},{"$f":"J147*I147","v":{"v":15927.450000000003,"d":"$15,927"}},{"$f":"K147+H147","v":{"v":30762.732000000004,"d":"$30,763"}}]
[2,"2\" Dia Sanitary Pipe",2330,{"v":0.1,"d":"10%"},2563,"LFT",{"v":1.66,"d":"$1.66"},{"$f":"G148*E148","v":{"v":4254.58,"d":"$4,255"}},{"$f":"L$5","v":{"v":75,"d":"$75"}},{"v":102.52,"d":"103"},{"$f":"J148*I148","v":{"v":7689,"d":"$7,689"}},{"$f":"K148+H148","v":{"v":11943.58,"d":"$11,944"}}]
[3,"3\" Dia Sanitary Pipe",631,{"v":0.1,"d":"10%"},694.1,"LFT",{"v":3.42,"d":"$3.42"},{"v":2373.822,"d":"$2,374"},{"v":75,"d":"$75"},{"v":41.646,"d":"42"},{"v":3123.4500000000003,"d":"$3,123"},{"v":5497.272000000001,"d":"$5,497"}]
[]
["SANITARY PIPE FITTING"]
["ELBOW 90 DEGREE"]
[1,"4\" Dia Elbow",269,{"v":0,"d":"0%"},{"$f":"C153*(1+D153)","v":269},"EA",{"v":30.8,"d":"$30.80"},{"$f":"G153*E153","v":{"v":8285.2,"d":"$8,285"}},{"$f":"L$5","v":{"v":75,"d":"$75"}},{"v":199.06,"d":"199"},{"$f":"J153*I153","v":{"v":14929.5,"d":"$14,930"}},{"$f":"K153+H153","v":{"v":23214.7,"d":"$23,215"}}]
[2,"3\" Dia Elbow",5,{"v":0,"d":"0%"},5,"EA",{"v":17.23,"d":"$17.23"},{"$f":"G154*E154","v":{"v":86.15,"d":"$86"}},{"$f":"L$5","v":{"v":75,"d":"$75"}},3,{"$f":"J154*I154","v":{"v":225,"d":"$225"}},{"$f":"K154+H154","v":{"v":311.15,"d":"$311"}}]
[3,"2\" Dia Elbow",580,{"v":0,"d":"0%"},580,"EA",{"v":4.72,"d":"$4.72"},{"$f":"G155*E155","v":{"v":2737.6,"d":"$2,738"}},{"$f":"L$5","v":{"v":75,"d":"$75"}},{"v":220.4,"d":"220"},{"$f":"J155*I155","v":{"v":16530,"d":"$16,530"}},{"$f":"K155+H155","v":{"v":19267.6,"d":"$19,268"}}]
[]
["ELBOW 45 DEGREE"]
[1,"4\" Dia Elbow",66,{"v":0,"d":"0%"},{"$f":"C158*(1+D158)","v":66},"EA",{"v":40.13,"d":"$40.13"},{"$f":"G158*E158","v":{"v":2648.5800000000004,"d":"$2,649"}},{"$f":"L$5","v":{"v":75,"d":"$75"}},{"v":48.839999999999996,"d":"49"},{"$f":"J158*I158","v":{"v":3662.9999999999995,"d":"$3,663"}},{"$f":"K158+H158","v":{"v":6311.58,"d":"$6,312"}}]
[2,"3\" Dia Elbow",2,{"v":0,"d":"0%"},2,"EA",{"v":22.38,"d":"$22.38"},{"v":44.76,"d":"$45"},{"v":75,"d":"$75"},{"v":1.2,"d":"1"},{"v":90,"d":"$90"},{"v":134.76,"d":"$135"}]
[3,"2\" Dia Elbow",543,{"v":0,"d":"0%"},543,"EA",{"v":5.54,"d":"$5.54"},{"$f":"G160*E160","v":{"v":3008.22,"d":"$3,008"}},{"$f":"L$5","v":{"v":75,"d":"$75"}},{"v":206.34,"d":"206"},{"$f":"J160*I160","v":{"v":15475.5,"d":"$15,476"}},{"$f":"K160+H160","v":{"v":18483.72,"d":"$18,484"}}]
[]
["WYE"]
[1,"4\" Dia Wye",122,{"v":0,"d":"0%"},{"$f":"C163*(1+D163)","v":122},"EA",{"v":139.86,"d":"$139.86"},{"$f":"G163*E163","v":{"v":17062.920000000002,"d":"$17,063"}},{"$f":"L$5","v":{"v":75,"d":"$75"}},{"v":135.42000000000002,"d":"135"},{"$f":"J163*I163","v":{"v":10156.500000000002,"d":"$10,157"}},{"$f":"K163+H163","v":{"v":27219.420000000006,"d":"$27,219"}}]
[2,"4\" x 2\" Dia Wye",489,{"v":0,"d":"0%"},489,"EA",{"v":161.8,"d":"$161.80"},{"$f":"G164*E164","v":{"v":79120.20000000001,"d":"$79,120"}},{"$f":"L$5","v":{"v":75,"d":"$75"}},{"v":513.45,"d":"513"},{"$f":"J164*I164","v":{"v":38508.75,"d":"$38,509"}},{"$f":"K164+H164","v":{"v":117628.95000000001,"d":"$117,629"}}]
[3,"4\" Dia Double Wye",2,{"v":0,"d":"0%"},2,"EA",{"v":627.18,"d":"$627.18"},{"$f":"G165*E165","v":{"v":1254.36,"d":"$1,254"}},{"$f":"L$5","v":{"v":75,"d":"$75"}},{"v":2.22,"d":"2"},{"$f":"J165*I165","v":{"v":166.50000000000003,"d":"$167"}},{"$f":"K165+H165","v":{"v":1420.86,"d":"$1,421"}}]
[4,"3\" x 2\" Dia Wye",8,{"v":0,"d":"0%"},8,"EA",{"v":64.22,"d":"$64.22"},{"v":513.76,"d":"$514"},{"v":75,"d":"$75"},{"v":7.2,"d":"7"},{"v":540,"d":"$540"},{"v":1053.76,"d":"$1,054"}]
[5,"3\" Dia Wye",3,{"v":0,"d":"0%"},3,"EA",{"v":74.16,"d":"$74.16"},{"v":222.48,"d":"$222"},{"v":75,"d":"$75"},{"v":2.7,"d":"3"},{"v":202.5,"d":"$203"},{"v":424.98,"d":"$425"}]
[6,"2\" Dia Wye",121,{"v":0,"d":"0%"},121,"EA",{"v":44.02,"d":"$44.02"},{"v":5326.42,"d":"$5,326"},{"v":75,"d":"$75"},{"v":68.97,"d":"69"},{"v":5172.75,"d":"$5,173"},{"v":10499.17,"d":"$10,499"}]
[]
["REDUCER"]
[1,"4\"x2\" Dia. Sanitary Reducer",60,{"v":0,"d":"0%"},{"$f":"C171*(1+D171)","v":60},"EA",{"v":41.06,"d":"$41.06"},{"$f":"G171*E171","v":{"v":2463.6000000000004,"d":"$2,464"}},{"$f":"L$5","v":{"v":75,"d":"$75"}},{"v":44.4,"d":"44"},{"$f":"J171*I171","v":{"v":3330,"d":"$3,330"}},{"$f":"K171+H171","v":{"v":5793.6,"d":"$5,794"}}]
[]
["SANITARY PIPE (UNDER GROUND)"]
["PVC Sch 40"]
[1,"6\" Dia Sanitary Pipe",320,{"v":0.1,"d":"10%"},{"$f":"C175*(1+D175)","v":352},"LFT",{"v":8.52,"d":"$8.52"},{"$f":"G175*E175","v":{"v":2999.04,"d":"$2,999"}},{"$f":"L$5","v":{"v":75,"d":"$75"}},{"v":42.239999999999995,"d":"42"},{"$f":"J175*I175","v":{"v":3167.9999999999995,"d":"$3,168"}},{"$f":"K175+H175","v":{"v":6167.039999999999,"d":"$6,167"}}]
[2,"4\" Dia Sanitary Pipe",520,{"v":0.1,"d":"10%"},572,"LFT",{"v":4.89,"d":"$4.89"},{"$f":"G176*E176","v":{"v":2797.08,"d":"$2,797"}},{"$f":"L$5","v":{"v":75,"d":"$75"}},{"v":40.040000000000006,"d":"40"},{"$f":"J176*I176","v":{"v":3003.0000000000005,"d":"$3,003"}},{"$f":"K176+H176","v":{"v":5800.08,"d":"$5,800"}}]
[3,"3\" Dia Sanitary Pipe",120,{"v":0.1,"d":"10%"},132,"LFT",{"v":3.42,"d":"$3.42"},{"v":451.44,"d":"$451"},{"v":75,"d":"$75"},{"v":7.92,"d":"8"},{"$f":"J177*I177","v":{"v":594,"d":"$594"}},{"$f":"K177+H177","v":{"v":1045.44,"d":"$1,045"}}]
[4,"2\" Dia Sanitary Pipe",110,{"v":0.1,"d":"10%"},121.00000000000001,"LFT",{"v":1.66,"d":"$1.66"},{"v":200.86,"d":"$201"},{"v":75,"d":"$75"},{"v":4.840000000000001,"d":"5"},{"v":363.00000000000006,"d":"$363"},{"v":563.8600000000001,"d":"$564"}]
[]
["SANITARY PIPE FITTING"]
["ELBOW 90 DEGREE"]
[1,"4\" Dia Elbow",18,{"v":0,"d":"0%"},{"$f":"C182*(1+D182)","v":18},"EA",{"v":30.8,"d":"$30.80"},{"$f":"G182*E182","v":{"v":554.4,"d":"$554"}},{"$f":"L$5","v":{"v":75,"d":"$75"}},{"v":13.32,"d":"13"},{"$f":"J182*I182","v":{"v":999,"d":"$999"}},{"$f":"K182+H182","v":{"v":1553.4,"d":"$1,553"}}]
[2,"3\" Dia Elbow",13,{"v":0,"d":"0%"},13,"EA",{"v":17.23,"d":"$17.23"},{"$f":"G183*E183","v":{"v":223.99,"d":"$224"}},{"$f":"L$5","v":{"v":75,"d":"$75"}},{"v":7.8,"d":"8"},{"$f":"J183*I183","v":{"v":585,"d":"$585"}},{"$f":"K183+H183","v":{"v":808.99,"d":"$809"}}]
[3,"2\" Dia Elbow",12,{"v":0,"d":"0%"},12,"EA",{"v":4.72,"d":"$4.72"},{"v":56.64,"d":"$57"},{"v":75,"d":"$75"},{"v":4.5600000000000005,"d":"5"},{"v":342.00000000000006,"d":"$342"},{"v":398.64000000000004,"d":"$399"}]
[]
["ELBOW 45 DEGREE"]
[1,"4\" Dia Elbow",24,{"v":0,"d":"0%"},{"$f":"C187*(1+D187)","v":24},"EA",{"v":40.13,"d":"$40.13"},{"$f":"G187*E187","v":{"v":963.1200000000001,"d":"$963"}},{"$f":"L$5","v":{"v":75,"d":"$75"}},{"v":17.759999999999998,"d":"18"},{"$f":"J187*I187","v":{"v":1331.9999999999998,"d":"$1,332"}},{"$f":"K187+H187","v":{"v":2295.12,"d":"$2,295"}}]
[2,"3\" Dia Elbow",15,{"v":0,"d":"0%"},15,"EA",{"v":22.38,"d":"$22.38"},{"$f":"G188*E188","v":{"v":335.7,"d":"$336"}},{"$f":"L$5","v":{"v":75,"d":"$75"}},9,{"$f":"J188*I188","v":{"v":675,"d":"$675"}},{"$f":"K188+H188","v":{"v":1010.7,"d":"$1,011"}}]
[3,"2\" Dia Elbow",12,{"v":0,"d":"0%"},12,"EA",{"v":5.54,"d":"$5.54"},{"v":66.48,"d":"$66"},{"v":75,"d":"$75"},{"v":4.5600000000000005,"d":"5"},{"v":342.00000000000006,"d":"$342"},{"v":408.4800000000001,"d":"$408"}]
[]
["WYE"]
[1,"6\" x 4\" Dia Wye",15,{"v":0,"d":"0%"},{"$f":"C192*(1+D192)","v":15},"EA",{"v":380.46,"d":"$380.46"},{"$f":"G192*E192","v":{"v":5706.9,"d":"$5,707"}},{"$f":"L$5","v":{"v":75,"d":"$75"}},{"v":27.450000000000003,"d":"27"},{"$f":"J192*I192","v":{"v":2058.75,"d":"$2,059"}},{"$f":"K192+H192","v":{"v":7765.65,"d":"$7,766"}}]
[2,"6\" x 3\" Dia Wye",8,{"v":0,"d":"0%"},8,"EA",{"v":349.21,"d":"$349.21"},{"$f":"G193*E193","v":{"v":2793.68,"d":"$2,794"}},{"$f":"L$5","v":{"v":75,"d":"$75"}},{"v":14.64,"d":"15"},{"$f":"J193*I193","v":{"v":1098,"d":"$1,098"}},{"$f":"K193+H193","v":{"v":3891.68,"d":"$3,892"}}]
[3,"4\" x 2\" Dia Wye",11,{"v":0,"d":"0%"},11,"EA",{"v":161.8,"d":"$161.80"},{"v":1779.8000000000002,"d":"$1,780"},{"v":75,"d":"$75"},{"v":11.55,"d":"12"},{"v":866.25,"d":"$866"},{"v":2646.05,"d":"$2,646"}]
[4,"3\" x 2\" Dia Wye",7,{"v":0,"d":"0%"},7,"EA",{"v":84.22,"d":"$84.22"},{"v":589.54,"d":"$590"},{"v":75,"d":"$75"},{"v":6.3,"d":"6"},{"v":472.5,"d":"$473"},{"v":1062.04,"d":"$1,062"}]
[5,"4\" Dia Wye",6,{"v":0,"d":"0%"},6,"EA",{"v":139.86,"d":"$139.86"},{"$f":"G196*E196","v":{"v":839.1600000000001,"d":"$839"}},{"$f":"L$5","v":{"v":75,"d":"$75"}},{"v":6.66,"d":"7"},{"$f":"J196*I196","v":{"v":499.5,"d":"$500"}},{"$f":"K196+H196","v":{"v":1338.66,"d":"$1,339"}}]
[]
["VENT PIPE"]
["PVC Sch 40"]
[1,"3\" Dia Vent Pipe",2143,{"v":0.1,"d":"10%"},{"$f":"C200*(1+D200)","v":2357.3},"LFT",{"v":3.42,"d":"$3.42"},{"$f":"G200*E200","v":{"v":8061.966,"d":"$8,062"}},{"$f":"L$5","v":{"v":75,"d":"$75"}},{"v":141.43800000000002,"d":"141"},{"$f":"J200*I200","v":{"v":10607.85,"d":"$10,608"}},{"$f":"K200+H200","v":{"v":18669.816,"d":"$18,670"}}]
[2,"2\" Dia Vent Pipe",3952,{"v":0.1,"d":"10%"},4347.200000000001,"LFT",{"v":1.66,"d":"$1.66"},{"v":7216.352000000001,"d":"$7,216"},{"v":75,"d":"$75"},{"v":173.88800000000003,"d":"174"},{"v":13041.600000000002,"d":"$13,042"},{"v":20257.952000000005,"d":"$20,258"}]
[3,"1-1/2\" Dia Vent Pipe",1230,{"v":0.1,"d":"10%"},1353,"LFT",{"v":1.28,"d":"$1.28"},{"$f":"G202*E202","v":{"v":1731.8400000000001,"d":"$1,732"}},{"$f":"L$5","v":{"v":75,"d":"$75"}},{"v":40.589999999999996,"d":"41"},{"$f":"J202*I202","v":{"v":3044.2499999999995,"d":"$3,044"}},{"$f":"K202+H202","v":{"v":4776.09,"d":"$4,776"}}]
[]
["VENT PIPE FITTING"]
["ELBOW 90 DEGREE"]
[1,"3\" Dia Elbow",456,{"v":0,"d":"0%"},{"$f":"C206*(1+D206)","v":456},"EA",{"v":17.23,"d":"$17.23"},{"$f":"G206*E206","v":{"v":7856.88,"d":"$7,857"}},{"$f":"L$5","v":{"v":75,"d":"$75"}},{"v":273.59999999999997,"d":"274"},{"$f":"J206*I206","v":{"v":20519.999999999996,"d":"$20,520"}},{"$f":"K206+H206","v":{"v":28376.879999999997,"d":"$28,377"}}]
[2,"2\" Dia Elbow",507,{"v":0,"d":"0%"},507,"EA",{"v":4.72,"d":"$4.72"},{"v":2393.04,"d":"$2,393"},{"v":75,"d":"$75"},{"v":192.66,"d":"193"},{"v":14449.5,"d":"$14,450"},{"v":16842.54,"d":"$16,843"}]
[3,"1-1/2\" Dia Elbow",482,{"v":0,"d":"0%"},482,"EA",{"v":3.02,"d":"$3.02"},{"$f":"G208*E208","v":{"v":1455.64,"d":"$1,456"}},{"$f":"L$5","v":{"v":75,"d":"$75"}},{"v":163.88000000000002,"d":"164"},{"$f":"J208*I208","v":{"v":12291.000000000002,"d":"$12,291"}},{"$f":"K208+H208","v":{"v":13746.640000000001,"d":"$13,747"}}]
[]
["ELBOW 45 DEGREE"]
[1,"3\" Dia Elbow",182,{"v":0,"d":"0%"},{"$f":"C211*(1+D211)","v":182},"EA",{"v":22.38,"d":"$22.38"},{"$f":"G211*E211","v":{"v":4073.16,"d":"$4,073"}},{"$f":"L$5","v":{"v":75,"d":"$75"}},{"v":109.2,"d":"109"},{"$f":"J211*I211","v":{"v":8190,"d":"$8,190"}},{"$f":"K211+H211","v":{"v":12263.16,"d":"$12,263"}}]
[2,"2\" Dia Elbow",20,{"v":0,"d":"0%"},20,"EA",{"v":5.54,"d":"$5.54"},{"v":110.8,"d":"$111"},{"v":75,"d":"$75"},{"v":7.6,"d":"8"},{"v":570,"d":"$570"},{"v":680.8,"d":"$681"}]
[]
["REDUCERS"]
[1,"4\" x 3\" Dia Reducer",80,{"v":0,"d":"0%"},{"$f":"C215*(1+D215)","v":80},"EA",{"v":46.12,"d":"$46.12"},{"$f":"G215*E215","v":{"v":3689.6,"d":"$3,690"}},{"$f":"L$5","v":{"v":75,"d":"$75"}},{"v":59.2,"d":"59"},{"$f":"J215*I215","v":{"v":4440,"d":"$4,440"}},{"$f":"K215+H215","v":{"v":8129.6,"d":"$8,130"}}]
[]
["TEES"]
[1,"3\" x 2\" Dia Tee",287,{"v":0,"d":"0%"},{"$f":"C218*(1+D218)","v":287},"EA",{"v":27.45,"d":"$27.45"},{"$f":"G218*E218","v":{"v":7878.15,"d":"$7,878"}},{"$f":"L$5","v":{"v":75,"d":"$75"}},{"v":258.3,"d":"258"},{"$f":"J218*I218","v":{"v":19372.5,"d":"$19,373"}},{"$f":"K218+H218","v":{"v":27250.65,"d":"$27,251"}}]
[2,"3\" x 1-1/2\" Dia Tee",480,{"v":0,"d":"0%"},480,"EA",{"v":27.51,"d":"$27.51"},{"$f":"G219*E219","v":{"v":13204.800000000001,"d":"$13,205"}},{"$f":"L$5","v":{"v":75,"d":"$75"}},432,{"v":32400,"d":"$32,400"},{"v":45604.8,"d":"$45,605"}]
[3,"4\" x 2\" Dia Tee",20,{"v":0,"d":"0%"},20,"EA",{"v":45.73,"d":"$45.73"},{"$f":"G220*E220","v":{"v":914.5999999999999,"d":"$915"}},{"$f":"L$5","v":{"v":75,"d":"$75"}},{"v":22.200000000000003,"d":"22"},{"$f":"J220*I220","v":{"v":1665.0000000000002,"d":"$1,665"}},{"$f":"K220+H220","v":{"v":2579.6000000000004,"d":"$2,580"}}]
[4,"2\" Dia. Vent Tee",224,{"v":0,"d":"0%"},224,"EA",{"v":5.83,"d":"$5.83"},{"$f":"G221*E221","v":{"v":1305.92,"d":"$1,306"}},{"$f":"L$5","v":{"v":75,"d":"$75"}},{"v":127.67999999999999,"d":"128"},{"$f":"J221*I221","v":{"v":9576,"d":"$9,576"}},{"$f":"K221+H221","v":{"v":10881.92,"d":"$10,882"}}]
[]
["GAS PIPE"]
["ASTM A 53/A 53M, Black Steel Schedule 40, Type E OR S, Grade B."]
[1,"1-1/4\" Dia Gas Pipe",831,{"v":0.1,"d":"10%"},{"$f":"C225*(1+D225)","v":{"v":914.1,"d":"914"}},"LFT",{"v":5.33,"d":"$5.33"},{"$f":"G225*E225","v":{"v":4872.153,"d":"$4,872"}},{"$f":"L$5","v":{"v":75,"d":"$75"}},{"v":73.128,"d":"73"},{"$f":"J225*I225","v":{"v":5484.6,"d":"$5,485"}},{"$f":"K225+H225","v":{"v":10356.753,"d":"$10,357"}}]
[]
["GAS PIPE FITTING"]
["ELBOW 90 DEGREE"]
[1,"1-1/4\" Dia Elbow",25,{"v":0,"d":"0%"},{"$f":"C229*(1+D229)","v":25},"EA",{"v":18.96,"d":"$18.96"},{"$f":"G229*E229","v":{"v":474,"d":"$474"}},{"$f":"L$5","v":{"v":75,"d":"$75"}},15,{"$f":"J229*I229","v":{"v":1125,"d":"$1,125"}},{"$f":"K229+H229","v":{"v":1599,"d":"$1,599"}}]
[]
["TEE"]
[1,"1-1/4\" Dia Tee",6,{"v":0,"d":"0%"},{"$f":"C232*(1+D232)","v":6},"EA",{"v":39.59,"d":"$39.59"},{"$f":"G232*E232","v":{"v":237.54000000000002,"d":"$238"}},{"$f":"L$5","v":{"v":75,"d":"$75"}},{"v":6.48,"d":"6"},{"$f":"J232*I232","v":{"v":486.00000000000006,"d":"$486"}},{"$f":"K232+H232","v":{"v":723.5400000000001,"d":"$724"}}]
[]
["GAS VALVES"]
[1,"1-1/4\" Dia Gas Cock",12,{"v":0,"d":"0%"},{"$f":"C235*(1+D235)","v":12},"EA",{"v":98.99,"d":"$98.99"},{"$f":"G235*E235","v":{"v":1187.8799999999999,"d":"$1,188"}},{"$f":"L$5","v":{"v":75,"d":"$75"}},{"v":13.200000000000001,"d":"13"},{"$f":"J235*I235","v":{"v":990.0000000000001,"d":"$990"}},{"$f":"K235+H235","v":{"v":2177.88,"d":"$2,178"}}]
[2,"1-1/4\" Dia Soleniod Gas Valve",8,{"v":0,"d":"0%"},8,"EA",{"v":290.78,"d":"$290.78"},{"$f":"G236*E236","v":{"v":2326.24,"d":"$2,326"}},{"$f":"L$5","v":{"v":75,"d":"$75"}},12,{"$f":"J236*I236","v":{"v":900,"d":"$900"}},{"$f":"K236+H236","v":{"v":3226.24,"d":"$3,226"}}]
[3,"1-1/4\" Dia Shut-off Gas Valve, ASME B16.16.1 And B16.10 Cast-Iron Lubricated Plug Valves With 125-PSIG Pressure Rating Nordstorm FIG. 142 - Threaded Ends Up To 3”,",8,{"v":0,"d":"0%"},8,"EA",{"v":180.57,"d":"$180.57"},{"$f":"G237*E237","v":{"v":1444.56,"d":"$1,445"}},{"$f":"L$5","v":{"v":75,"d":"$75"}},10,{"$f":"J237*I237","v":{"v":750,"d":"$750"}},{"$f":"K237+H237","v":{"v":2194.56,"d":"$2,195"}}]
[4,"1 1/4\" Dia. Pressure Regulating Valve",2,{"v":0,"d":"0%"},2,"EA",{"v":148.98,"d":"$148.98"},{"$f":"G238*E238","v":{"v":297.96,"d":"$298"}},{"$f":"L$5","v":{"v":75,"d":"$75"}},{"v":2.5,"d":"3"},{"$f":"J238*I238","v":{"v":187.5,"d":"$188"}},{"$f":"K238+H238","v":{"v":485.46,"d":"$485"}}]
[]
["UNION"]
[3,"1-1/4\" Dia Union",8,{"v":0,"d":"0%"},{"$f":"C241*(1+D241)","v":8},"EA",{"v":79.95,"d":"$79.95"},{"$f":"G241*E241","v":{"v":639.6,"d":"$640"}},{"$f":"L$5","v":{"v":75,"d":"$75"}},{"v":5.6,"d":"6"},{"$f":"J241*I241","v":{"v":420,"d":"$420"}},{"$f":"K241+H241","v":{"v":1059.6,"d":"$1,060"}}]
[]
["DIRT LEG"]
[4,"1-1/4\" Dia Dirt Leg",8,{"v":0,"d":"0%"},8,"EA",{"v":48.65,"d":"$48.65"},{"$f":"G244*E244","v":{"v":389.2,"d":"$389"}},{"$f":"L$5","v":{"v":75,"d":"$75"}},{"v":3.2,"d":"3"},{"$f":"J244*I244","v":{"v":240,"d":"$240"}},{"$f":"K244+H244","v":{"v":629.2,"d":"$629"}}]
[]
["GAS METER"]
[1,"New Gas Meter to Be Provided for Emergency Generator",1,{"v":0,"d":"0%"},{"$f":"C247*(1+D247)","v":1},"EA"]
[2,"New Pressure Regulator Gas Meter ",2,{"v":0,"d":"0%"},{"$f":"C248*(1+D248)","v":2},"EA",{"v":119.95,"d":"$119.95"},{"$f":"G248*E248","v":{"v":239.9,"d":"$240"}},{"$f":"L$5","v":{"v":75,"d":"$75"}},{"v":1.2,"d":"1"},{"$f":"J248*I248","v":{"v":90,"d":"$90"}},{"$f":"K248+H248","v":{"v":329.9,"d":"$330"}}]
[]
["TUB"]
[1,"TUB-1, Manufacturer STERLING, Model# S710411100 , 60X30 LH Bath Performa Only White, Manufacturer PFWO101, Model# PROFLO, W&O 17GA L&T CP ",1,{"v":0,"d":"0%"},{"$f":"C251*(1+D251)","v":1},"EA",{"v":285.35,"d":"$285.35"},{"$f":"G251*E251","v":{"v":285.35,"d":"$285"}},{"$f":"L$5","v":{"v":75,"d":"$75"}},6,{"$f":"J251*I251","v":{"v":450,"d":"$450"}},{"$f":"K251+H251","v":{"v":735.35,"d":"$735"}}]
[]
["MOP RECEPTOR"]
[1,"MR-1 Mop Receptor, Model# PFMB2424S Manufacturer PROFLO,  24X24X10 MOP BASIN W/ SS DRAIN, Model# C897RCF, Manupfacturer CHICAGO, NOT FOR POTABLE USE 2 HANDLE WALL MOUNT SERVICE SINK FAUCET & VACUUM, BREAKER ROUGH CHROME, Model# PFSSHE, Manufacturer PROFLO, 5/8 X 30 SERVICE SINK HOSE ,Model# PF296, Manufacturer PROFLO,SINGLE HOSE BRACKET F/ SERVICE SINK, Model# PF245, Manufacturer,PROFLO, 24 S/S WALL MTD MOP HANGER, Model# PFWG24S, Manufacturer, PROFLO SS WALL GUARDS F/ 24 BASIN, Model# PFC500CLR,  Manufacturer PROFLO, 10.1 OZ 100% SILICONE CAULK CLEAR",1,{"v":0,"d":"0%"},{"$f":"C254*(1+D254)","v":1},"EA",{"v":271.38,"d":"$271.38"},{"$f":"G254*E254","v":{"v":271.38,"d":"$271"}},{"$f":"L$5","v":{"v":75,"d":"$75"}},{"v":2.7,"d":"3"},{"$f":"J254*I254","v":{"v":202.5,"d":"$203"}},{"$f":"K254+H254","v":{"v":473.88,"d":"$474"}}]
[2,"MR-2 Mop Receptor, Model# C897RCF, Manupfacturer CHICAGO, NOT FOR POTABLE USE 2 HANDLE WALL MOUNT SERVICE SINK FAUCET & VACUUM, BREAKER ROUGH CHROME, Model# PFSSHE, Manufacturer PROFLO, 5/8 X 30 SERVICE SINK HOSE ,Model# PF296, Manufacturer PROFLO,SINGLE HOSE BRACKET F/ SERVICE SINK, Model# PF245, Manufacturer,PROFLO, 24 S/S WALL MTD MOP HANGER, Model# PFC500CLR,  Manufacturer PROFLO, 10.1 OZ 100% SILICONE CAULK CLEAR",1,{"v":0,"d":"0%"},1,"EA",{"v":218.64,"d":"$218.64"},{"$f":"G255*E255","v":{"v":218.64,"d":"$219"}},{"$f":"L$5","v":{"v":75,"d":"$75"}},{"v":2.7,"d":"3"},{"$f":"J255*I255","v":{"v":202.5,"d":"$203"}},{"$f":"K255+H255","v":{"v":421.14,"d":"$421"}}]
[]
["WASHER BOX"]
[1,"W-1 Washer Box, Model# O38100,  Manufacturer OATEY, CENTROII COP SWT",1,{"v":0,"d":"0%"},{"$f":"C258*(1+D258)","v":1},"EA",{"v":33.98,"d":"$33.98"},{"$f":"G258*E258","v":{"v":33.98,"d":"$34"}},{"$f":"L$5","v":{"v":75,"d":"$75"}},{"v":0.75,"d":"1"},{"$f":"J258*I258","v":{"v":56.25,"d":"$56"}},{"$f":"K258+H258","v":{"v":90.22999999999999,"d":"$90"}}]
[]
["GREASE INTRCEPTOR"]
[1,"GT-1 Grease Interceptor, Manufacturer JAY R SMITH, Model# 8470, Flow rate 200 GPM, 400 LBS Capacity, Provide Complete With Flow Control Fitting And Extension",2,{"v":0,"d":"0%"},{"$f":"C261*(1+D261)","v":2},"EA",{"v":8301.49,"d":"$8,301.49"},{"$f":"G261*E261","v":{"v":16602.98,"d":"$16,603"}},{"$f":"L$5","v":{"v":75,"d":"$75"}},24,{"$f":"J261*I261","v":{"v":1800,"d":"$1,800"}},{"$f":"K261+H261","v":{"v":18402.98,"d":"$18,403"}}]
[]
["REVERSE OSMOSIS SYSTEM"]
[1,"LFN PWR40113012 RO SYS1800GPD",2,{"v":0,"d":"0%"},{"$f":"C264*(1+D264)","v":2},"EA",{"v":5976.92,"d":"$5,976.92"},{"$f":"G264*E264","v":{"v":11953.84,"d":"$11,954"}},{"$f":"L$5","v":{"v":75,"d":"$75"}},48,{"$f":"J264*I264","v":{"v":3600,"d":"$3,600"}},{"$f":"K264+H264","v":{"v":15553.84,"d":"$15,554"}}]
[]
["DOMESTICT WATER HEATER"]
[1,"DWH-1,2 Domestic Water Heater, Lochinvor Armor X2, Model# AWH1250NPM, ",4,{"v":0,"d":"0%"},{"$f":"C267*(1+D267)","v":4},"EA",{"v":35282.7,"d":"$35,282.70"},{"$f":"G267*E267","v":{"v":141130.8,"d":"$141,131"}},{"$f":"L$5","v":{"v":75,"d":"$75"}},144,{"$f":"J267*I267","v":{"v":10800,"d":"$10,800"}},{"$f":"K267+H267","v":{"v":151930.8,"d":"$151,931"}}]
[]
["CIRCUIT SETTER"]
[1,"1\" Dia Circuit Setter",8,{"v":0,"d":"0%"},{"$f":"C270*(1+D270)","v":8},"EA",{"v":133.78,"d":"$133.78"},{"$f":"G270*E270","v":{"v":1070.24,"d":"$1,070"}},{"$f":"L$5","v":{"v":75,"d":"$75"}},{"v":4.8,"d":"5"},{"$f":"J270*I270","v":{"v":360,"d":"$360"}},{"$f":"K270+H270","v":{"v":1430.24,"d":"$1,430"}}]
[]
["UNION"]
[1,"1' Dia Union",48,{"v":0,"d":"0%"},{"$f":"C273*(1+D273)","v":48},"EA",{"v":64.78,"d":"$64.78"},{"$f":"G273*E273","v":{"v":3109.44,"d":"$3,109"}},{"$f":"L$5","v":{"v":75,"d":"$75"}},{"v":33.599999999999994,"d":"34"},{"$f":"J273*I273","v":{"v":2519.9999999999995,"d":"$2,520"}},{"$f":"K273+H273","v":{"v":5629.44,"d":"$5,629"}}]
[]
["GAUGE"]
[1,"Temperature Gauge",12,{"v":0,"d":"0%"},{"$f":"C276*(1+D276)","v":12},"EA",{"v":53.55,"d":"$53.55"},{"$f":"G276*E276","v":{"v":642.5999999999999,"d":"$643"}},{"$f":"L$5","v":{"v":75,"d":"$75"}},6,{"$f":"J276*I276","v":{"v":450,"d":"$450"}},{"$f":"K276+H276","v":{"v":1092.6,"d":"$1,093"}}]
[]
["DOMESTIC HOT WATER STORAGE TANK"]
[1,"STO-1,2 Domestic Hot Water Storage tank, Manufacturer Lochinvar Lock Temp Storage Tank, Model# RGA0504",4,{"v":0,"d":"0%"},{"$f":"C279*(1+D279)","v":4},"EA",{"v":11795,"d":"$11,795"},{"$f":"G279*E279","v":{"v":47180,"d":"$47,180"}},{"$f":"L$5","v":{"v":75,"d":"$75"}},72,{"$f":"J279*I279","v":{"v":5400,"d":"$5,400"}},{"$f":"K279+H279","v":{"v":52580,"d":"$52,580"}}]
[]
["DOMESTIC HOT WATER EXPANSION TANK"]
[1,"ET-1,2 Domestic Hot Water Expansion tank, Manufacturer Amtrol, Model#  Therm-X-Trol ST-42V-C ",2,{"v":0,"d":"0%"},2,"EA",{"v":1467.47,"d":"$1,467.47"},{"$f":"G282*E282","v":{"v":2934.94,"d":"$2,935"}},{"$f":"L$5","v":{"v":75,"d":"$75"}},8,{"$f":"J282*I282","v":{"v":600,"d":"$600"}},{"$f":"K282+H282","v":{"v":3534.94,"d":"$3,535"}}]
[]
["RECIRCULATION PUMP"]
[1,"Recirculation Pump Model# G96404953,  Manufacturer GRUNDFOS, UPS40 80 4B 1X115 1 1 2, Model# G539615,  Manufacturer GRUNDFOS,  FLANGE SET BRONZE 1-1/2, Model# G595657,  Manufacturer GRUNDFOS, AQUASTAT KIT 3/4CLIP 105-115F",3,{"v":0,"d":"0%"},{"$f":"C285*(1+D285)","v":3},"EA",{"$f":"2256.89+65.03+48.66","v":{"v":2370.58,"d":"$2,370.58"}},{"$f":"G285*E285","v":{"v":7111.74,"d":"$7,112"}},{"$f":"L$5","v":{"v":75,"d":"$75"}},24,{"$f":"J285*I285","v":{"v":1800,"d":"$1,800"}},{"$f":"K285+H285","v":{"v":8911.74,"d":"$8,912"}}]
[2,"Hot Water Circulating Pump, Manufacturer & Model TBD, 3500 RPM, V/P/HZ 208/3/60, ",4,{"v":0,"d":"0%"},4,"EA"]
[]
["SUMP PUMP"]
[1,"SP-2 Sump Pump, Model# SE50OMS,  Manufacturer STANCOR. \nSE50-OMS STANCOR SE50 OIL MINDER SYSTEM TO INCLUDE 1/2 HP 115V PUMP, OIL MINDER CONTROL PANEL, FLOATS & OIL SENSING PROBE, PREWIRED JBOX & 25' OF 8-PIN CABLE\nModel# Z300048, Manufacturer  ZOELLER 2 PVC BALL VALVE CHECK VALVE UNION QUIET",1,{"v":0,"d":"0%"},{"$f":"C289*(1+D289)","v":1},"EA",{"v":3899.47,"d":"$3,899.47"},{"$f":"G289*E289","v":{"v":3899.47,"d":"$3,899"}},{"$f":"L$5","v":{"v":75,"d":"$75"}},8,{"$f":"J289*I289","v":{"v":600,"d":"$600"}},{"$f":"K289+H289","v":{"v":4499.469999999999,"d":"$4,499"}}]
[2,"SP-3 Sump Pump, Model# LD3648LSG202, Manufacturer LIBERTY,  2HP 208/230V GRINDER PUMP SYSTEM",1,{"v":0,"d":"0%"},1,"EA",{"v":3207.61,"d":"$3,207.61"},{"$f":"G290*E290","v":{"v":3207.61,"d":"$3,208"}},{"$f":"L$5","v":{"v":75,"d":"$75"}},8,{"$f":"J290*I290","v":{"v":600,"d":"$600"}},{"$f":"K290+H290","v":{"v":3807.61,"d":"$3,808"}}]
[3,"Elecvator Sump Pump, Manufacturer & Model STANCOR SE50, Flow Rate 50 GPM, 3450 RPM, V/P/HZ 230/3/60.",2,{"v":0,"d":"0%"},2,"EA",{"v":3207.61,"d":"$3,207.61"},{"$f":"G291*E291","v":{"v":6415.22,"d":"$6,415"}},{"$f":"L$5","v":{"v":75,"d":"$75"}},16,{"$f":"J291*I291","v":{"v":1200,"d":"$1,200"}},{"$f":"K291+H291","v":{"v":7615.22,"d":"$7,615"}}]
[]
["VALVE"]
[1,"2\" Dia Check Valve, Lead-Free Bronze Y-Pattern Horizental Swing with Renewable Seat and Disc 200 PSI Cwp Non-Shock Nsf/Ansi-61-8. Nibco T-413-Y-LF For Threaded Ends OR S-413-Y-LF For Solder End",4,{"v":0,"d":"0%"},{"$f":"C294*(1+D294)","v":4},"EA",{"v":312.96,"d":"$312.96"},{"$f":"G294*E294","v":{"v":1251.84,"d":"$1,252"}},{"$f":"L$5","v":{"v":75,"d":"$75"}},{"v":4.8,"d":"5"},{"$f":"J294*I294","v":{"v":360,"d":"$360"}},{"$f":"K294+H294","v":{"v":1611.84,"d":"$1,612"}}]
[2,"2\" Dia Gate Valve",4,{"v":0,"d":"0%"},4,"EA",{"v":210.75,"d":"$210.75"},{"$f":"G295*E295","v":{"v":843,"d":"$843"}},{"$f":"L$5","v":{"v":75,"d":"$75"}},{"v":4.8,"d":"5"},{"$f":"J295*I295","v":{"v":360,"d":"$360"}},{"$f":"K295+H295","v":{"v":1203,"d":"$1,203"}}]
[3,"2\" Dia Shut-off Valve, Two Piece Full Port Lead-Free\nBronze Ball Valves 600 PSI Non-Shock CWP, Nsf/Ansi-61-8 With The\nCapability Of Accepting Extended Operating Handles Milwakuee Model\nUPBA100S For Threaded Ends OR UPBA150SF For Soldered End",4,{"v":0,"d":"0%"},{"$f":"C296*(1+D296)","v":4},"EA",{"v":603.01,"d":"$603.01"},{"v":2412.04,"d":"$2,412"},{"v":75,"d":"$75"},{"v":4.8,"d":"5"},{"v":360,"d":"$360"},{"v":2772.04,"d":"$2,772"}]
[]
["UNION"]
[1,"2\" Dia Union",4,{"v":0,"d":"0%"},{"$f":"C299*(1+D299)","v":4},"EA",{"v":97.98,"d":"$97.98"},{"$f":"G299*E299","v":{"v":391.92,"d":"$392"}},{"$f":"L$5","v":{"v":75,"d":"$75"}},{"v":3.2,"d":"3"},{"$f":"J299*I299","v":{"v":240,"d":"$240"}},{"$f":"K299+H299","v":{"v":631.9200000000001,"d":"$632"}}]
[]
["CIRCULATION PUMP DETAIL"]
["VALVE"]
[1,"1\" Dia Check Valve, Lead-Free Bronze Y-Pattern Horizental Swing with Renewable Seat and Disc 200 PSI Cwp Non-Shock Nsf/Ansi-61-8. Nibco T-413-Y-LF For Threaded Ends OR S-413-Y-LF For Solder End",2,{"v":0,"d":"0%"},{"$f":"C303*(1+D303)","v":2},"EA",{"v":181.31,"d":"$181.31"},{"$f":"G303*E303","v":{"v":362.62,"d":"$363"}},{"$f":"L$5","v":{"v":75,"d":"$75"}},{"v":1.6,"d":"2"},{"$f":"J303*I303","v":{"v":120,"d":"$120"}},{"$f":"K303+H303","v":{"v":482.62,"d":"$483"}}]
[2,"1\" Plug Valve",4,{"v":0,"d":"0%"},4,"EA",{"v":142.65,"d":"$142.65"},{"$f":"G304*E304","v":{"v":570.6,"d":"$571"}},{"$f":"L$5","v":{"v":75,"d":"$75"}},{"v":3.2,"d":"3"},{"$f":"J304*I304","v":{"v":240,"d":"$240"}},{"$f":"K304+H304","v":{"v":810.6,"d":"$811"}}]
[3,"1\" PIG Tail",4,{"v":0,"d":"0%"},4,"EA",{"v":164.64,"d":"$164.64"},{"$f":"G305*E305","v":{"v":658.56,"d":"$659"}},{"$f":"L$5","v":{"v":75,"d":"$75"}},{"v":3.2,"d":"3"},{"$f":"J305*I305","v":{"v":240,"d":"$240"}},{"$f":"K305+H305","v":{"v":898.56,"d":"$899"}}]
[4,"1\" Lug Butterfly Valve",4,{"v":0,"d":"0%"},4,"EA",{"v":158.75,"d":"$158.75"},{"v":635,"d":"$635"},{"v":75,"d":"$75"},{"v":3.2,"d":"3"},{"v":240,"d":"$240"},{"v":875,"d":"$875"}]
[5,"1\" Dia Shut-off Valve, Two Piece Full Port Lead-Free Bronze Ball Valves 600 PSI Non-Shock CWP, Nsf/Ansi-61-8 With The Capability Of Accepting Extended Operating Handles Milwakuee Model UPBA100S For Threaded Ends OR UPBA150SF For Soldered End",2,{"v":0,"d":"0%"},{"$f":"C307*(1+D307)","v":2},"EA",{"v":229.75,"d":"$229.75"},{"$f":"G307*E307","v":{"v":459.5,"d":"$460"}},{"$f":"L$5","v":{"v":75,"d":"$75"}},{"v":2.4,"d":"2"},{"$f":"J307*I307","v":{"v":180,"d":"$180"}},{"$f":"K307+H307","v":{"v":639.5,"d":"$640"}}]
[]
["PRESSURE GAUGE"]
[1,"Dial Type Presure Gauge (0-100 PSIG)",4,{"v":0,"d":"0%"},{"$f":"C310*(1+D310)","v":4},"EA",{"v":64.55,"d":"$64.55"},{"$f":"G310*E310","v":{"v":258.2,"d":"$258"}},{"$f":"L$5","v":{"v":75,"d":"$75"}},2,{"$f":"J310*I310","v":{"v":150,"d":"$150"}},{"$f":"K310+H310","v":{"v":408.2,"d":"$408"}}]
[]
["UNION"]
[1,"1\" Dia Union",2,{"v":0,"d":"0%"},{"$f":"C313*(1+D313)","v":2},"EA",{"v":64.78,"d":"$64.78"},{"$f":"G313*E313","v":{"v":129.56,"d":"$130"}},{"$f":"L$5","v":{"v":75,"d":"$75"}},{"v":1.4,"d":"1"},{"$f":"J313*I313","v":{"v":105,"d":"$105"}},{"$f":"K313+H313","v":{"v":234.56,"d":"$235"}}]
[]
["TEE"]
[1,"1\" Dia Reducing Tee",2,{"v":0,"d":"0%"},{"$f":"C316*(1+D316)","v":2},"EA",{"v":24.78,"d":"$24.78"},{"$f":"G316*E316","v":{"v":49.56,"d":"$50"}},{"$f":"L$5","v":{"v":75,"d":"$75"}},{"v":1.4,"d":"1"},{"$f":"J316*I316","v":{"v":105,"d":"$105"}},{"$f":"K316+H316","v":{"v":154.56,"d":"$155"}}]
[]
["STRAINER"]
[1,"1\" Dia Strainer",2,{"v":0,"d":"0%"},{"$f":"C319*(1+D319)","v":2},"EA",{"v":57.88,"d":"$57.88"},{"$f":"G319*E319","v":{"v":115.76,"d":"$116"}},{"$f":"L$5","v":{"v":75,"d":"$75"}},{"v":1.4,"d":"1"},{"$f":"J319*I319","v":{"v":105,"d":"$105"}},{"$f":"K319+H319","v":{"v":220.76,"d":"$221"}}]
[]
["WATER CLOSET"]
[1,"WC-1  Resident Water Closet, American Standard #215FA.104.020, 'Cadet Pro Compact Right Height Elongated', 16-1/2\" high Toilet, 3517F.101, 4188B.104, Vitreous china, Floor Mounted, 1.28 US Gal (4.8 L) per flush, two (2) piece, elongated bowl, Cadet flushing system with Power Wash rim siphon flushing system which scrubs bowl with every flush, Centoco #AM820STSS, extra heavy duty Toilet Seat, solid plastic with antimicrobial surface, open front with cover.McGuire #LFBV172, polished brass Toilet Supply.Provide Floor Flange, (same material as the connecting pipe drain), with all brass bolts and with rubber gasket",225,{"v":0,"d":"0%"},{"$f":"C322*(1+D322)","v":225},"EA",{"$f":"86.22+253.86","v":{"v":340.08000000000004,"d":"$340.08"}},{"$f":"G322*E322","v":{"v":76518.00000000001,"d":"$76,518"}},{"$f":"L$5","v":{"v":75,"d":"$75"}},{"v":832.5,"d":"833"},{"$f":"J322*I322","v":{"v":62437.5,"d":"$62,438"}},{"$f":"K322+H322","v":{"v":138955.5,"d":"$138,956"}}]
[2,"WC-2 Public Water Closet, Sloan #ST-2009-STG, 'ST-2000 Series', 15\" high Toilet, Vitreous china, Floor Mounted, operates in the range of 1.1 US Gal to 1.6 US Gal (4.2 L to 6 L) per flush, elongated bowl, siphon jet flush action, Centoco #AM500STSCCSS, Heavy Duty Toilet Seat, solid plastic with antimicrobial surface, open front less cover.Sloan #Royal 111-1.28-CP-SG, 'Royal', polished chrome finish, Exposed Manual Flushometer for Top Spud Toilet, 1.28 US Gal (4.8 L) factory set flow.Provide Floor Flange, (same material as the connecting pipe drain), with all brass bolts and with rubber gasket",36,{"v":0,"d":"0%"},{"$f":"C323*(1+D323)","v":36},"EA",{"v":242.76,"d":"$242.76"},{"$f":"G323*E323","v":{"v":8739.36,"d":"$8,739"}},{"$f":"L$5","v":{"v":75,"d":"$75"}},{"v":133.20000000000002,"d":"133"},{"$f":"J323*I323","v":{"v":9990.000000000002,"d":"$9,990"}},{"$f":"K323+H323","v":{"v":18729.36,"d":"$18,729"}}]
[]
["LAVATORY"]
[1,"Lav-1 Resident Suites Lavatory, American Standard #0545.000.020 'Edgemere' Basin, white finish, undercounter, American Standard #7075.100.002, 'Colony Pro', Single Handle faucet. Powers #LFLM495, Point of Use Thermostatic Mixing Valve, integral check and screen prevents cross-flow and contamination. McGuire #LFH170BV, polished brass Faucet Supplies. McGuire #8902CB, P-Trap. McGuire 'PROWRAP' #PW2000WC Sanitary Covering",225,{"v":0,"d":"0%"},{"$f":"C326*(1+D326)","v":225},"EA",{"v":418.71,"d":"$418.71"},{"$f":"G326*E326","v":{"v":94209.75,"d":"$94,210"}},{"$f":"L$5","v":{"v":75,"d":"$75"}},{"v":832.5,"d":"833"},{"$f":"J326*I326","v":{"v":62437.5,"d":"$62,438"}},{"$f":"K326+H326","v":{"v":156647.25,"d":"$156,647"}}]
[2,"LAV 2- Public Lavatory, Sloan #SS-3002 'SS-3000 series' Basin, Self-rimming / Drop-in, American Standard #5500.145.002, 'Monterrey',\ntwo handles faucet. Powers #LFLM495, Point of Use Thermostatic\nMixing Valve, integral check and screen prevents cross-flow and contamination. McGuire #155A Open Grid Drain. McGuire #LFH170BV, polished brass Faucet Supplies. McGuire #8902CB, P-Trap.",42,{"v":0,"d":"0%"},{"$f":"C327*(1+D327)","v":42},"EA",{"v":422.29,"d":"$422.29"},{"$f":"G327*E327","v":{"v":17736.18,"d":"$17,736"}},{"$f":"L$5","v":{"v":75,"d":"$75"}},{"v":155.4,"d":"155"},{"$f":"J327*I327","v":{"v":11655,"d":"$11,655"}},{"$f":"K327+H327","v":{"v":29391.18,"d":"$29,391"}}]
[3,"LAV-3  Model# A9960001020, Manufacturer AMERICAN STANDARD, 9960.001 Wht Mezzo Semi Countertop Model# L170LF, Manufacturer LEONARD, Lead Law Compliant 3/8 X 3/8 POU Thermostat Mix Valve, Model# PFXCAZ32CL12, Manufacturer PROFLO, Lead Law Compliant 1/2 Sweat EXT X 3/8 Cemmercial Lavatory Kit, Model# PFPTB100, Manufacturer PROFLO 1-1/4 17GA P TRAP CP, Model# PF202WH, Manufacturer PROFLO, Cover For Trap / Hot & Cold Stop & Supply",1,{"v":0,"d":"0%"},{"$f":"C328*(1+D328)","v":1},"EA",{"v":724.93,"d":"$724.93"},{"v":724.93,"d":"$725"},{"v":75,"d":"$75"},{"v":3.7,"d":"4"},{"v":277.5,"d":"$278"},{"v":1002.43,"d":"$1,002"}]
[4,"LAV-4 Model# A0321026020, Manufacturer AMERICAN STANDARD, \n19 X 17 4 Wall Hanger Lavatory Declyn White,  Model# L170LF, Manufacturer LEONARD, Lead Law Compliant 3/8 X 3/8 POU Thermostat Mix Valve, Model# PFXCAZ32CL12, Manufacturer PROFLO,  Lead Law Compliant 1/2 SWEAT EXT X 3/8 Commercial Lavatory Kit, \nModel# PFPTB100, Manufacturer PROFLO,  1-1/4 17GA P TRAP CP\nModel# PF202WH, Manufacturer PROFLO, Cover For Trap / Hot & Cold Stop & Supply",1,{"v":0,"d":"0%"},1,"EA",{"$f":"99.19+93.96+60.22+29.69+85.31","v":{"v":368.37,"d":"$368.37"}},{"v":368.37,"d":"$368"},{"v":75,"d":"$75"},{"v":3.7,"d":"4"},{"v":277.5,"d":"$278"},{"v":645.87,"d":"$646"}]
[]
["SINK"]
[1,"S-1 Sink, Model# A18SB9231800S075, Manufacturer AMERICAN STANDARD  PORTSMOUTH 23X18 SB UNDERMT SINK W/DRAN  Model# A6405170002, Manufacturer AMERICAN STANDARD  LF TM 5 R/S GN WB 1.5GPM , Model# L170LF, Manufacturer LEONARD LEAD LAW COMPLIANT 3/8 X 3/8 POU THERMOSTAT MIX VALVE \nModel# PFXCAZ32CL12 PROFLO LEAD LAW COMPLIANT 1/2 SWEAT EXT X 3/8 COMMERCIAL LAVATORY KIT  Model# PFPTB107, Manufacturer PROFLO 1-1/2 17GA P TRAP CP",1,{"v":0,"d":"0%"},{"$f":"C332*(1+D332)","v":1},"EA",{"v":297.72,"d":"$297.72"},{"$f":"G332*E332","v":{"v":297.72,"d":"$298"}},{"$f":"L$5","v":{"v":75,"d":"$75"}},{"v":4.7,"d":"5"},{"$f":"J332*I332","v":{"v":352.5,"d":"$353"}},{"$f":"K332+H332","v":{"v":650.22,"d":"$650"}}]
[2,"S-2 Sink, Model# A4932300002, Manufacturer AMERICAN STANDARD\n, LF 1.5 GPM EDGEWA PD KITC CH,  Model# L170LF, Manufacturer LEONARD LEAD LAW COMPLIANT 3/8 X 3/8 POU THERMOSTAT MIX VALVE  Model# PFXCAZ32CL12 PROFLO LEAD LAW COMPLIANT 1/2 SWEAT EXT X 3/8 COMMERCIAL LAVATORY KIT  Model# PFPTB107, Manufacturer PROFLO 1-1/2 17GA P TRAP CP",1,{"v":0,"d":"0%"},{"$f":"C333*(1+D333)","v":1},"EA",{"v":415.58,"d":"$415.58"},{"$f":"G333*E333","v":{"v":415.58,"d":"$416"}},{"$f":"L$5","v":{"v":75,"d":"$75"}},{"v":4.7,"d":"5"},{"$f":"J333*I333","v":{"v":352.5,"d":"$353"}},{"$f":"K333+H333","v":{"v":768.0799999999999,"d":"$768"}}]
[3,"S-3 Sink, Model# A18CR9322100S075, AMERICAN STANDARD\n, PORTSMOUTH 60/40 DB UNDERMT SINK W/DRAIN,Model# A4932300002, Manufacturer AMERICAN STANDARD\n, LF 1.5 GPM EDGEWA PD KITC CH,  Model# L170LF, Manufacturer LEONARD LEAD LAW COMPLIANT 3/8 X 3/8 POU THERMOSTAT MIX VALVE  Model# PFXCAZ32CL12 PROFLO LEAD LAW COMPLIANT 1/2 SWEAT EXT X 3/8 COMMERCIAL LAVATORY KIT  Model# PFPTB107, Manufacturer PROFLO 1-1/2 17GA P TRAP CP, Model# PFEWB102,  Manufacturer PROFLO 1-1/2X21 17GA EO WST SJ",1,{"v":0,"d":"0%"},{"$f":"C334*(1+D334)","v":1},"EA",{"v":413.06,"d":"$413.06"},{"v":413.06,"d":"$413"},{"v":75,"d":"$75"},{"v":4.7,"d":"5"},{"v":352.5,"d":"$353"},{"v":765.56,"d":"$766"}]
[]
["SINGLE BOWL CLINICAL SERVICE SINK"]
[1,"Clinical Service Sink American Standard A9504999020\nHERT SERV FTG BOT BRCE-STPS 6 American Standard A8355101002\nVITREOUS CHINA FM SERVICE SINK PEDESTAL BASE ONLY WHITE American Standard A710098201081\n6.5 GALLONS PER FLUSH ROYAL SERVICE SINK FLUSH VALVE Sloan S3010505\nBED PAN CLEANER VOLUME REG VACUUM BREAKER NOZZLE CHROME American Standard A7582167002\nWAX RING PROFLO PFWR\n1/4X2-1/4 BRS CLOSET BOLT RND WASHER PROFLO PFC8110RWLAST",1,{"v":0,"d":"0%"},{"$f":"C337*(1+D337)","v":1},"EA",{"v":1329.64,"d":"$1,329.64"},{"$f":"G337*E337","v":{"v":1329.64,"d":"$1,330"}},{"$f":"L$5","v":{"v":75,"d":"$75"}},6,{"$f":"J337*I337","v":{"v":450,"d":"$450"}},{"$f":"K337+H337","v":{"v":1779.64,"d":"$1,780"}}]
[]
["KITCHEN SINK"]
[1,"Kitchen Sink, Franke Commercial #LBS1306-1/1, Countertop Mount Sink. American Standard #7074.010.002, 'Colony Pro', Single Handle faucet. Powers #LFLM495, Point of Use Thermostatic Mixing Valve, integral check and screen prevents cross-flow and contamination.\nMcGuire #LFH170BV, polished brass Faucet Supplies. McGuire #8912CB, P-Trap. McGuire 'PROWRAP' #PW2000 Sanitary Covering.",225,{"v":0,"d":"0%"},{"$f":"C340*(1+D340)","v":225},"EA",{"v":410.18,"d":"$410.18"},{"$f":"G340*E340","v":{"v":92290.5,"d":"$92,291"}},{"$f":"L$5","v":{"v":75,"d":"$75"}},{"v":832.5,"d":"833"},{"$f":"J340*I340","v":{"v":62437.5,"d":"$62,438"}},{"$f":"K340+H340","v":{"v":154728,"d":"$154,728"}}]
[2,"Single Bowl Kitchen Sink, Franke Commercial #LBS6408P-1/3, Countertop Mount Sink. American Standard #6404.170.002, 'Monterrey', two handles faucet.McGuire #LFH170BV, polished brass Faucet Supplies.McGuire #8912CB, P-Trap",5,{"v":0,"d":"0%"},5,"EA",{"v":895.87,"d":"$895.87"},{"$f":"G341*E341","v":{"v":4479.35,"d":"$4,479"}},{"$f":"L$5","v":{"v":75,"d":"$75"}},{"v":23.5,"d":"24"},{"$f":"J341*I341","v":{"v":1762.5,"d":"$1,763"}},{"$f":"K341+H341","v":{"v":6241.85,"d":"$6,242"}}]
[]
["URINAL"]
[1,"UR Urinal, Sloan #SU-1009-STG, Urinal, vitreous china, operates in the\nrange of 0.125 US Gal to 0.5 US Gal (0.5 L to 1.9 L) per flush,wall hung, Sloan #Royal 186-0.125-CP, 'Royal', polished chrome finish, Exposed Manual Flushometer for Top Spud urinal, 0.125 US Gal (0.5 L) factory set\nflow. Sloan SG 'SANIGUARD' Antimicrobial Protection Watts #CA-321, mounted on concrete floor, Fixture Carrier. Watts #CO-380-RD Urinal Wall Access Cleanout. Champion MI-XHUB Coupling",10,{"v":0,"d":"0%"},{"$f":"C344*(1+D344)","v":10},"EA",{"v":551.48,"d":"$551.48"},{"$f":"G344*E344","v":{"v":5514.8,"d":"$5,515"}},{"$f":"L$5","v":{"v":75,"d":"$75"}},47,{"$f":"J344*I344","v":{"v":3525,"d":"$3,525"}},{"$f":"K344+H344","v":{"v":9039.8,"d":"$9,040"}}]
[]
["DRINKING FOUNTAIN"]
[1,"DF Drinking Fountain, Elkay #LZSTL8WSLP, 'EZH2O Bottle Filling Station Versatile Bi- Level Filtered LZ Cooler', water cooler, sensor, touchless activation with auto 20-second shut off (bottle filler, McGuire #LFHSTBV, polished brass Provide drinking fountain supplies. McGuire #8912CNCGJB, P-Trap. Watts #CA-431-1-Q, mounted on concrete floor, double carrier",4,{"v":0,"d":"0%"},{"$f":"C347*(1+D347)","v":4},"EA",{"v":1643.47,"d":"$1,643.47"},{"$f":"G347*E347","v":{"v":6573.88,"d":"$6,574"}},{"$f":"L$5","v":{"v":75,"d":"$75"}},48,{"$f":"J347*I347","v":{"v":3600,"d":"$3,600"}},{"$f":"K347+H347","v":{"v":10173.880000000001,"d":"$10,174"}}]
[]
["SHOWER"]
[1,"Resident Shower, American Standard T385.500.002 Reliant 3 Shower Valve Trim,metal wall plate, American Standard #R121SS Pressure Balance inwall Shower Rough Valve 1/2\" (13 mm) universal\ninlet(s)/outlet(s) American Standard 1660.766.002 Flowise, 3-Function Water-Saving Hand shower, 1.5 GPM (5.7 LPM) max flow rate, Polished Chrome finish American Standard 1662.236.002 Hand shower\nGrab bar/Slide Bar combination, stainless steel construction, Polished Chrome finish American Standard 8888.035.002 Hand Shower Metal Hose 1524 mm (60\") long, Polished Chrome finish American Standard 1660.400.002 Hand Shower",226,{"v":0,"d":"0%"},{"$f":"C350*(1+D350)","v":226},"EA",{"v":804.35,"d":"$804.35"},{"$f":"G350*E350","v":{"v":181783.1,"d":"$181,783"}},{"$f":"L$5","v":{"v":75,"d":"$75"}},904,{"$f":"J350*I350","v":{"v":67800,"d":"$67,800"}},{"$f":"K350+H350","v":{"v":249583.1,"d":"$249,583"}}]
[]
["MOP SINK"]
[1,"MS Mop Sink, Stern Williams #SB-900, Service / Mop Sink, American Standard #8354.112, 'Yoke', two handles faucet. Stern Williams T-35 Hose and Wall Hook 36\" (914 mm) long hose with 3/4\" (19 mm) chrome coupling, stainless steel wall bracket. Stern Williams T-40 Mop Hanger stainless steel #4 finish, 24\" (610 mm) long with 3 rubber spring\nloaded clips. Stern Williams BP Back Splash Panel 20 GA. (0.9 mm) type 304 stainless steel. Provide P-Trap",7,{"v":0,"d":"0%"},{"$f":"C353*(1+D353)","v":7},"EA",{"v":743.41,"d":"$743.41"},{"$f":"G353*E353","v":{"v":5203.87,"d":"$5,204"}},{"$f":"L$5","v":{"v":75,"d":"$75"}},{"v":32.9,"d":"33"},{"$f":"J353*I353","v":{"v":2467.5,"d":"$2,468"}},{"$f":"K353+H353","v":{"v":7671.37,"d":"$7,671"}}]
[]
["FLOOR SINK"]
[1,"FS Floor Sink, S3420Y04P JR SMITH, Floor & Indirect Waste Drain W/ Medium Receptor & Square arc top Aluminum Dome Bottom Strainer - 4\" NO Hub Trap Primer Connection",9,{"v":0,"d":"0%"},{"$f":"C356*(1+D356)","v":9},"EA",{"v":362.21,"d":"$362.21"},{"$f":"G356*E356","v":{"v":3259.89,"d":"$3,260"}},{"$f":"L$5","v":{"v":75,"d":"$75"}},{"v":19.8,"d":"20"},{"$f":"J356*I356","v":{"v":1485,"d":"$1,485"}},{"$f":"K356+H356","v":{"v":4744.889999999999,"d":"$4,745"}}]
[]
["VENT THROUGH ROOF"]
[1,"4\" Dia Vent Through Roof",80,{"v":0,"d":"0%"},{"$f":"C359*(1+D359)","v":80},"EA",{"v":47.56,"d":"$47.56"},{"$f":"G359*E359","v":{"v":3804.8,"d":"$3,805"}},{"$f":"L$5","v":{"v":75,"d":"$75"}},32,{"$f":"J359*I359","v":{"v":2400,"d":"$2,400"}},{"$f":"K359+H359","v":{"v":6204.8,"d":"$6,205"}}]
[]
["FUNNEL FLOOR DRAIN"]
[1,"Funnel Drain, JAY R. SMITH FIG 3831T Including P-Trap With Front Cleanout",1,{"v":0,"d":"0%"},{"$f":"C362*(1+D362)","v":1},"EA",{"v":211.48,"d":"$211.48"},{"$f":"G362*E362","v":{"v":211.48,"d":"$211"}},{"$f":"L$5","v":{"v":75,"d":"$75"}},{"v":1.4,"d":"1"},{"$f":"J362*I362","v":{"v":105,"d":"$105"}},{"$f":"K362+H362","v":{"v":316.48,"d":"$316"}}]
[]
["FLOOR DRAIN"]
[1,"3\" Dia FD-1 Floor Drain, S2005Y03A05NBP JR SMITH,Floor Drain With ADJ. Round Strainer,  Nickel Bronze Top - 3\" No Hub, Trap Primer Connection",32,{"v":0,"d":"0%"},{"$f":"C365*(1+D365)","v":32},"EA",{"v":168.68,"d":"$168.68"},{"$f":"G365*E365","v":{"v":5397.76,"d":"$5,398"}},{"$f":"L$5","v":{"v":75,"d":"$75"}},{"v":38.4,"d":"38"},{"$f":"J365*I365","v":{"v":2880,"d":"$2,880"}},{"$f":"K365+H365","v":{"v":8277.76,"d":"$8,278"}}]
[2,"FD-2 Floor DrainModel# S2240Y04CIP, Manufacturer JR SMITH, DEEP BODY Medium Duty Floor Drain WITH 12\" Round TOP AND \"SAFE SET\" Sediment Bucket Cast Iron Grate - 4\" NO HUB, Trap Primer Connection",1,{"v":0,"d":"0%"},{"$f":"C366*(1+D366)","v":1},"EA",{"v":374.16,"d":"$374.16"},{"$f":"G366*E366","v":{"v":374.16,"d":"$374"}},{"$f":"L$5","v":{"v":75,"d":"$75"}},{"v":1.4,"d":"1"},{"$f":"J366*I366","v":{"v":105,"d":"$105"}},{"$f":"K366+H366","v":{"v":479.16,"d":"$479"}}]
[]
["FLOOR CLEANOUT"]
[1,"FCO-1  Model# S4890NB02,  Manufacturer JR SMITH ROUND DECK PLUG W/THREADED NB SPANNER WRENCH COVER - 2\"\nModel# S4890NB03 Manufacturer JR SMITH ROUND DECK PLUG W/THREADED NB SPANNER WRENCH COVER - 3\"\nModel# S4890NB04 Manufacturer JR SMITH ROUND DECK PLUG W/THREADED NB SPANNER WRENCH COVER - 4\"",15,{"v":0,"d":"0%"},{"$f":"C369*(1+D369)","v":15},"EA",{"v":455.01,"d":"$455"},{"$f":"G369*E369","v":{"v":6825.15,"d":"$6,825"}},{"$f":"L$5","v":{"v":75,"d":"$75"}},21,{"$f":"J369*I369","v":{"v":1575,"d":"$1,575"}},{"$f":"K369+H369","v":{"v":8400.15,"d":"$8,400"}}]
[]
["WALL CLEANOUT"]
[1,"WCO-1  Model# S4940NB08X08 Manufacturer JR SMITH FLOOR ACCESS COVER W/ SQUARE FRAME AND NB HINGED SECURED SCORIATED COVER - 8X8\", Model# S4940NB10X10 Manufacturer JR SMITH FLOOR ACCESS COVER W/ SQUARE FRAME AND NB HINGED SECURED SCORIATED COVER - 10X10\"",1,{"v":0,"d":"0%"},{"$f":"C372*(1+D372)","v":1},"EA",{"v":455.01,"d":"$455"},{"$f":"G372*E372","v":{"v":455.01,"d":"$455"}},{"$f":"L$5","v":{"v":75,"d":"$75"}},{"v":1.4,"d":"1"},{"$f":"J372*I372","v":{"v":105,"d":"$105"}},{"$f":"K372+H372","v":{"v":560.01,"d":"$560"}}]
[]
["DRAIN PAN"]
[1,"DP-1 Cloth Washer Drain Pan, Model# M99 Manufacturer, MUSTEE DURAPAN WSHR & WATER HEATER PAN CENTER DRAIN",1,{"v":0,"d":"0%"},{"$f":"C375*(1+D375)","v":1},"EA",{"v":211.48,"d":"$211"},{"$f":"G375*E375","v":{"v":211.48,"d":"$211"}},{"$f":"L$5","v":{"v":75,"d":"$75"}},{"v":1.4,"d":"1"},{"$f":"J375*I375","v":{"v":105,"d":"$105"}},{"$f":"K375+H375","v":{"v":316.48,"d":"$316"}}]
[]
["ICE MAKER BOX"]
[1,"IMB Ice Maker box, Model# O38810 Manufacturer OATEY,  ICE MAKER BOX LESS VALVE",1,{"v":0,"d":"0%"},{"$f":"C378*(1+D378)","v":1},"EA",{"v":18.28,"d":"$18"},{"$f":"G378*E378","v":{"v":18.28,"d":"$18"}},{"$f":"L$5","v":{"v":75,"d":"$75"}},{"v":0.75,"d":"1"},{"$f":"J378*I378","v":{"v":56.25,"d":"$56"}},{"$f":"K378+H378","v":{"v":74.53,"d":"$75"}}]
[]
["TRAP PRIMER"]
[1,"ENCLOSED ELECTRONIC TRAP SEAL PRIMER 1-5 OPENING PORTS WITH CABINET",1,{"v":0,"d":"0%"},{"$f":"C381*(1+D381)","v":1},"EA",{"v":899.41,"d":"$899"},{"$f":"G381*E381","v":{"v":899.41,"d":"$899"}},{"$f":"L$5","v":{"v":75,"d":"$75"}},3,{"$f":"J381*I381","v":{"v":225,"d":"$225"}},{"$f":"K381+H381","v":{"v":1124.4099999999999,"d":"$1,124"}}]
[2,"ENCLOSED ELECTRONIC TRAP SEAL PRIMER 6-10 OPENING PORTS WITH CABINET",1,{"v":0,"d":"0%"},{"$f":"C382*(1+D382)","v":1},"EA",{"v":930,"d":"$930"},{"$f":"G382*E382","v":{"v":930,"d":"$930"}},{"$f":"L$5","v":{"v":75,"d":"$75"}},3,{"$f":"J382*I382","v":{"v":225,"d":"$225"}},{"$f":"K382+H382","v":{"v":1155,"d":"$1,155"}}]
[3,"ENCLOSED ELECTRONIC TRAP SEAL PRIMER 11-15 OPENING PORTS WITH CABINET",1,{"v":0,"d":"0%"},1,"EA",{"v":945.29,"d":"$945"},{"v":945.29,"d":"$945"},{"v":75,"d":"$75"},3,{"v":225,"d":"$225"},{"v":1170.29,"d":"$1,170"}]
[]
["BACKFLOW PREVENTOR"]
[1,"BFP-1 Backflow Preventor, Model# WLF909OSYP Manufacturer WATTS LEAD LAW COMPLIANT 4 LF909-OSY,  Model# W77FDIFDA125P Manufacturer WATTS 4 CI 125# FLANGE STRAINER EPOX COAT, Model# W909AGK Manufacturer WATTS 4 - 6 (909) / 8\" - 10\" (909M1) AIR GAP",1,{"v":0,"d":"0%"},{"$f":"C386*(1+D386)","v":1},"EA",{"v":3463,"d":"$3,463"},{"$f":"G386*E386","v":{"v":3463,"d":"$3,463"}},{"$f":"L$5","v":{"v":75,"d":"$75"}},3,{"$f":"J386*I386","v":{"v":225,"d":"$225"}},{"$f":"K386+H386","v":{"v":3688,"d":"$3,688"}}]
[2,"BFP-2 Back Flow Preventor Model# W740C, Manufacturer  WILKINS 3/8\" DOUBLE CHECK BACKFLOW PREVENTER",1,{"v":0,"d":"0%"},{"$f":"C387*(1+D387)","v":1},"EA",{"v":164.09,"d":"$164"},{"$f":"G387*E387","v":{"v":164.09,"d":"$164"}},{"$f":"L$5","v":{"v":75,"d":"$75"}},{"v":1.25,"d":"1"},{"$f":"J387*I387","v":{"v":93.75,"d":"$94"}},{"$f":"K387+H387","v":{"v":257.84000000000003,"d":"$258"}}]
[]
["HOSE BIB"]
[1,"HB-1 Hose Bib, Model# S5509QTSAPCL Manufacturer JR SMITH SS BOX-TYPE HYDRANT W/INTEGRAL VACUUM BREAKER - SAP, CYLINDER LOCK , Model# S5509QT06CL Manufacturer JR SMITH SS BOX-TYPE HYDRANT W/INTEGRAL VACUUM BREAKER - 6\" WALL, CYLINDER LOCK , Model# S5509QT12CL Manufacturer JR SMITH\nSS BOX-TYPE HYDRANT W/INTEGRAL VACUUM BREAKER - 12\" WALL, CYLINDER LOCK,  Model# S5509QT18CL, Manufacturer JR SMITH, SS BOX-TYPE HYDRANT W/INTEGRAL VACUUM BREAKER - 18\" WALL, CYLINDER",1,{"v":0,"d":"0%"},{"$f":"C390*(1+D390)","v":1},"EA",{"v":6245.5,"d":"$6,245.50"},{"$f":"G390*E390","v":{"v":6245.5,"d":"$6,246"}},{"$f":"L$5","v":{"v":75,"d":"$75"}},{"v":2.5,"d":"3"},{"$f":"J390*I390","v":{"v":187.5,"d":"$188"}},{"$f":"K390+H390","v":{"v":6433,"d":"$6,433"}}]
[2,"HB-2 Hose Bib, Model# C293369COLDCP, Manufacturer CHICAGO 2-3/8 LEVER HANDLE INSIDE SILL FITTING CHROME",1,{"v":0,"d":"0%"},{"$f":"C391*(1+D391)","v":1},"EA",{"v":136.23,"d":"$136.23"},{"$f":"G391*E391","v":{"v":136.23,"d":"$136"}},{"$f":"L$5","v":{"v":75,"d":"$75"}},{"v":0.7,"d":"1"},{"$f":"J391*I391","v":{"v":52.5,"d":"$53"}},{"$f":"K391+H391","v":{"v":188.73,"d":"$189"}}]
[]
["NON-FREEZE WALL HYDRANT"]
[1,"3/4\" Dia. Non-Freeze Wall Hydrant",5,{"v":0,"d":"0%"},{"$f":"C394*(1+D394)","v":5},"EA",{"v":221.11,"d":"$221.11"},{"$f":"G394*E394","v":{"v":1105.5500000000002,"d":"$1,106"}},{"$f":"L$5","v":{"v":75,"d":"$75"}},{"v":4.25,"d":"4"},{"$f":"J394*I394","v":{"v":318.75,"d":"$319"}},{"$f":"K394+H394","v":{"v":1424.3000000000002,"d":"$1,424"}}]
[]
["P-TRAP"]
[1,"2\" Dia P-Trap",195,{"v":0,"d":"0%"},{"$f":"C397*(1+D397)","v":195},"EA",{"v":44.12,"d":"$44.12"},{"$f":"G397*E397","v":{"v":8603.4,"d":"$8,603"}},{"$f":"L$5","v":{"v":75,"d":"$75"}},78,{"$f":"J397*I397","v":{"v":5850,"d":"$5,850"}},{"$f":"K397+H397","v":{"v":14453.4,"d":"$14,453"}}]
[2,"3\" Dia. P-Trap",32,{"v":0,"d":"0%"},32,"EA",{"v":47.06,"d":"$47.06"},{"v":1505.92,"d":"$1,506"},{"v":75,"d":"$75"},{"v":12.8,"d":"13"},{"v":960,"d":"$960"},{"v":2465.92,"d":"$2,466"}]
[]
["ELECTRIC HEAT TRACE"]
[1,"Electric Heat Trace, 40 Amps, 2P, (Rating Taken from Electrical Panel Scheduling), Including Power Connection kit, Eco Controller w/ Tee Kit for a 3 FT Service Loop & Splice Kit for a 2 FT Service Loop.",10,{"v":0,"d":"0%"},{"$f":"C401*(1+D401)","v":10},"EA"]
[2,"Heat Trace Cold Water Main Pipes",1,{"v":0,"d":"0%"},1,"EA"]
[3,"Heat Trace all Domestic Hot & Cold Water Pipe Take off",56,{"v":0,"d":"0%"},56,"EA"]
[]
["FOOD EQUIPMENT"]
[1,"1, Double Deck Convention Oven With Gas Line Manifold",1,{"v":0,"d":"0%"},{"$f":"C406*(1+D406)","v":1},"EA",null,{"$f":"G406*E406","v":0},{"$f":"L$5","v":{"v":75,"d":"$75"}},{"v":7.4,"d":"7"},{"$f":"J406*I406","v":{"v":555,"d":"$555"}},{"$f":"K406+H406","v":{"v":555,"d":"$555"}}]
[2,"2, 6 Burner Range with Oven Base",2,{"v":0,"d":"0%"},{"$f":"C407*(1+D407)","v":2},"EA",null,{"$f":"G407*E407","v":0},{"$f":"L$5","v":{"v":75,"d":"$75"}},{"v":14.8,"d":"15"},{"$f":"J407*I407","v":{"v":1110,"d":"$1,110"}},{"$f":"K407+H407","v":{"v":1110,"d":"$1,110"}}]
[3,"3, Fryer",2,{"v":0,"d":"0%"},2,"EA",null,0,{"v":75,"d":"$75"},{"v":14.8,"d":"15"},{"v":1110,"d":"$1,110"},{"v":1110,"d":"$1,110"}]
[4,"4.1, Countertop Griddle",1,{"v":0,"d":"0%"},1,"EA",null,0,{"v":75,"d":"$75"},{"v":7.4,"d":"7"},{"v":555,"d":"$555"},{"v":555,"d":"$555"}]
[5,"5, Char Boiler with Stand",1,{"v":0,"d":"0%"},1,"EA",null,0,{"v":75,"d":"$75"},{"v":7.4,"d":"7"},{"v":555,"d":"$555"},{"v":555,"d":"$555"}]
[6,"6, Three Compartment Wash Sink",1,{"v":0,"d":"0%"},1,"EA",null,0,{"v":75,"d":"$75"},{"v":7.4,"d":"7"},{"v":555,"d":"$555"},{"v":555,"d":"$555"}]
[7,"7, Hand Sink",2,{"v":0,"d":"0%"},2,"EA",null,0,{"v":75,"d":"$75"},{"v":14.8,"d":"15"},{"v":1110,"d":"$1,110"},{"v":1110,"d":"$1,110"}]
[8,"12, Ice Maker with Bin",1,{"v":0,"d":"0%"},1,"EA",null,0,{"v":75,"d":"$75"},{"v":7.4,"d":"7"},{"v":555,"d":"$555"},{"v":555,"d":"$555"}]
[9,"13, Dishwasher",1,{"v":0,"d":"0%"},1,"EA",null,0,{"v":75,"d":"$75"},{"v":7.4,"d":"7"},{"v":555,"d":"$555"},{"v":555,"d":"$555"}]
[10,"17, Walk in Cooler Freezer",2,{"v":0,"d":"0%"},2,"EA",null,0,{"v":75,"d":"$75"},{"v":14.8,"d":"15"},{"v":1110,"d":"$1,110"},{"v":1110,"d":"$1,110"}]
[11,"20, Work Table with Sink",1,{"v":0,"d":"0%"},1,"EA",null,0,{"v":75,"d":"$75"},{"v":7.4,"d":"7"},{"v":555,"d":"$555"},{"v":555,"d":"$555"}]
[12,"21, Two Compartment Sink",1,{"v":0,"d":"0%"},1,"EA",null,0,{"v":75,"d":"$75"},{"v":7.4,"d":"7"},{"v":555,"d":"$555"},{"v":555,"d":"$555"}]
[13,"26, Coffee Maker",1,{"v":0,"d":"0%"},1,"EA",null,0,{"v":75,"d":"$75"},{"v":7.4,"d":"7"},{"v":555,"d":"$555"},{"v":555,"d":"$555"}]
[14,"29, Soda Dispenser Drop In",1,{"v":0,"d":"0%"},1,"EA",null,0,{"v":75,"d":"$75"},{"v":7.4,"d":"7"},{"v":555,"d":"$555"},{"v":555,"d":"$555"}]
[15,"31, Carbonator",3,{"v":0,"d":"0%"},3,"EA",null,0,{"v":75,"d":"$75"},{"v":22.200000000000003,"d":"22"},{"v":1665.0000000000002,"d":"$1,665"},{"v":1665.0000000000002,"d":"$1,665"}]
[16,"32, Water Filter System - Soda",1,{"v":0,"d":"0%"},1,"EA",null,0,{"v":75,"d":"$75"},{"v":7.4,"d":"7"},{"v":555,"d":"$555"},{"v":555,"d":"$555"}]
[17,"33, Mop Sink",1,{"v":0,"d":"0%"},1,"EA",null,0,{"v":75,"d":"$75"},{"v":7.4,"d":"7"},{"v":555,"d":"$555"},{"v":555,"d":"$555"}]
[18,"37, Water Filter System-Ice Machine",1,{"v":0,"d":"0%"},1,"EA",null,0,{"v":75,"d":"$75"},{"v":7.4,"d":"7"},{"v":555,"d":"$555"},{"v":555,"d":"$555"}]
[19,"38, Water Filter System-Dish Washer",2,{"v":0,"d":"0%"},2,"EA",null,0,{"v":75,"d":"$75"},{"v":14.8,"d":"15"},{"v":1110,"d":"$1,110"},{"v":1110,"d":"$1,110"}]
[]
["VALVES"]
[1,"3/4\" Dia Shut-off Valve, Two Piece Full Port Lead-Free\nBronze Ball Valves 600 PSI Non-Shock CWP, Nsf/Ansi-61-8 With The\nCapability Of Accepting Extended Operating Handles Milwakuee Model\nUPBA100S For Threaded Ends OR UPBA150SF For Soldered End",935,{"v":0,"d":"0%"},{"$f":"C427*(1+D427)","v":935},"EA",{"v":49.25,"d":"$49.25"},{"$f":"G427*E427","v":{"v":46048.75,"d":"$46,049"}},{"$f":"L$5","v":{"v":75,"d":"$75"}},374,{"$f":"J427*I427","v":{"v":28050,"d":"$28,050"}},{"$f":"K427+H427","v":{"v":74098.75,"d":"$74,099"}}]
[2,"1/2\" Dia Shut-off Valve, Two Piece Full Port Lead-Free\nBronze Ball Valves 600 PSI Non-Shock CWP, Nsf/Ansi-61-8 With The\nCapability Of Accepting Extended Operating Handles Milwakuee Model\nUPBA100S For Threaded Ends OR UPBA150SF For Soldered End",360,{"v":0,"d":"0%"},360,"EA",{"v":37.78,"d":"$37.78"},{"$f":"G428*E428","v":{"v":13600.800000000001,"d":"$13,601"}},{"$f":"L$5","v":{"v":75,"d":"$75"}},144,{"$f":"J428*I428","v":{"v":10800,"d":"$10,800"}},{"$f":"K428+H428","v":{"v":24400.800000000003,"d":"$24,401"}}]
[]
["PIPE SUPPORTS"]
[1,"1\" Dia Pipe Hanger",574,{"v":0,"d":"0%"},{"$f":"C431*(1+D431)","v":574},"EA",{"v":7.8,"d":"$7.8"},{"$f":"G431*E431","v":{"v":4477.2,"d":"$4,477"}},{"$f":"L$5","v":{"v":75,"d":"$75"}},{"v":114.80000000000001,"d":"115"},{"$f":"J431*I431","v":{"v":8610,"d":"$8,610"}},{"$f":"K431+H431","v":{"v":13087.2,"d":"$13,087"}}]
[2,"1/2\" Dia Pipe Hanger",232,{"v":0,"d":"0%"},232,"EA",{"v":7.5,"d":"$7.5"},{"$f":"G432*E432","v":{"v":1740,"d":"$1,740"}},{"$f":"L$5","v":{"v":75,"d":"$75"}},{"v":46.400000000000006,"d":"46"},{"$f":"J432*I432","v":{"v":3480.0000000000005,"d":"$3,480"}},{"$f":"K432+H432","v":{"v":5220,"d":"$5,220"}}]
[3,"3/4\" Dia Pipe Hanger",575,{"v":0,"d":"0%"},575,"EA",{"v":7.5,"d":"$7.5"},{"v":4312.5,"d":"$4,313"},{"v":75,"d":"$75"},115,{"v":8625,"d":"$8,625"},{"v":12937.5,"d":"$12,938"}]
[4,"4\" Dia Pipe Hanger",392,{"v":0,"d":"0%"},392,"EA",{"v":10.5,"d":"$10.5"},{"v":4116,"d":"$4,116"},{"v":75,"d":"$75"},98,{"v":7350,"d":"$7,350"},{"v":11466,"d":"$11,466"}]
[5,"6\" Dia Pipe Hanger",89,{"v":0,"d":"0%"},89,"EA",{"v":11.7,"d":"$11.7"},{"v":1041.3,"d":"$1,041"},{"v":75,"d":"$75"},{"v":22.25,"d":"22"},{"v":1668.75,"d":"$1,669"},{"v":2710.05,"d":"$2,710"}]
[6,"2\" Dia Pipe Hanger",639,{"v":0,"d":"0%"},639,"EA",{"v":9.2,"d":"$9.2"},{"v":5878.799999999999,"d":"$5,879"},{"v":75,"d":"$75"},{"v":159.75,"d":"160"},{"v":11981.25,"d":"$11,981"},{"v":17860.05,"d":"$17,860"}]
[7,"3\" Dia Pipe Hanger",326,{"v":0,"d":"0%"},326,"EA",{"v":9.8,"d":"$9.8"},{"v":3194.8,"d":"$3,195"},{"v":75,"d":"$75"},{"v":81.5,"d":"82"},{"v":6112.5,"d":"$6,113"},{"v":9307.3,"d":"$9,307"}]
[8,"1-1/2\" Dia Pipe Hanger",125,{"v":0,"d":"0%"},125,"EA",{"v":8.9,"d":"$8.9"},{"v":1112.5,"d":"$1,113"},{"v":75,"d":"$75"},25,{"v":1875,"d":"$1,875"},{"v":2987.5,"d":"$2,988"}]
[9,"1-1/4\" Dia Pipe Hanger",83,{"v":0,"d":"0%"},83,"EA",{"v":8.9,"d":"$8.9"},{"v":738.7,"d":"$739"},{"v":75,"d":"$75"},{"v":16.6,"d":"17"},{"v":1245,"d":"$1,245"},{"v":1983.7,"d":"$1,984"}]
[10,"1/2\" Dia Full Threaded Rod",3035,{"v":0,"d":"0%"},3035,"EA",{"v":4.5,"d":"$4.5"},{"$f":"G440*E440","v":{"v":13657.5,"d":"$13,658"}},{"$f":"L$5","v":{"v":75,"d":"$75"}},{"v":303.5,"d":"304"},{"$f":"J440*I440","v":{"v":22762.5,"d":"$22,763"}},{"$f":"K440+H440","v":{"v":36420,"d":"$36,420"}}]
[]
["TOTAL MATERIAL COST  ",{"$nulls":9},{"$f":"SUM(H16:H440)","v":{"v":1388500.9594999996,"d":"$1,388,501"}}]
["TOTAL MANHOURS' COST  ",{"$nulls":9},{"$f":"SUM(K16:K440)","v":{"v":1115419.275,"d":"$1,115,419"}}]
["TOTAL COST  ",{"$nulls":9},{"$f":"K442+K443","v":{"v":2503920.2344999993,"d":"$2,503,920"}}]
["OVERHEADS & PROFIT  ",{"$nulls":8},{"v":0.25,"d":"25%"},{"$f":"K444*J445","v":{"v":625980.0586249998,"d":"$625,980"}}]
["TOTAL BID  ",{"$nulls":9},{"$f":"K445+K444","v":{"v":3129900.293124999,"d":"$3,129,900"}}]
["SCOPE OF ESTIMATE:"]
["I","SUPPLY & INSTALLATION"]
[1,"Sanitary Waste / Vent Pipe & Fittings"]
[2,"Cold / Hot Water Pipe & Fittings"]
[3,"Storm Pipe w/ Fittings"]
[4,"Fixtures"]
[5,"Water Heater"]
[6,"Elevator Sump Pump"]
[7,"Drains"]
[8,"Cleanouts"]
[9,"Roof Drains"]
[10,"Valves"]
[11,"Circulating Pump"]
[12,"Drinking Fountain"]
[13,"Insulation"]
[14,"Pipe Supports"]
[]
["II","EXCLUSIONS"]
[1,"Specifications of the yellow highlighted items not given in the plans. They are not included in the estimate."]
[]
["III","NOTES"]
[1,"Pricing and manhours are calculated from PHCC database."]